World Capitals by Directional Proximity - Statistics

General Stats
  • This quiz has been taken 681 times
  • The average score is 149 of 196
Answers on the Map
Answers color-coded by a green-red scale on the quiz's map according to % correct below.
 
Answer Stats
Neighbours Capital % Correct
Algiers (NN-NE) Amman (NW-NN) Amsterdam (NN-NE-EE-SE) Andorra la Vella (NW-NN-NE-EE) Ankara (WW-NW) Athens (NW-NN) Beirut (NW-NN) Belgrade (WW-NW-NN-NE) Bern (NW-NN-NE-EE) Bratislava (WW-NW-NN-NE) Brussels (NN-NE-EE-SE) Bucharest (SW-WW-NW-NN) Budapest (WW-NW-NN-NE) Cairo (NW-NN) Chișinău (SW-WW-NW-NN) Copenhagen (EE-SE) Damascus (NW-NN) Dublin (NE-EE-SE) Helsinki (SS-SW-WW) Jerusalem (NW-NN) Kiev (SW-WW-NW-NN) Lisbon (NE-EE) Ljubljana (WW-NW-NN-NE) London (NN-NE-EE-SE) Luxembourg (NN-NE-EE-SE) Madrid (NN-NE) Minsk (SS-SW-WW-NW) Monaco (NW-NN-NE-EE) Moscow (SW-WW) Nicosia (NW-NN) Oslo (EE-SE) Paris (NN-NE-EE-SE) Podgorica (WW-NW-NN-NE) Prague (any) Pristina (WW-NW-NN-NE) Rabat (NN-NE) Reykjavík (EE-SE) Riga (SS-SW-WW-NW) Rome (NW-NN-NE-EE) San Marino (NW-NN-NE-EE) Sarajevo (WW-NW-NN-NE) Skopje (WW-NW-NN-NE) Sofia (WW-NW-NN-NE) Stockholm (SS-SW-WW) Tallinn (SS-SW-WW) Tbilisi (WW-NW) Tirana (WW-NW-NN-NE) Tripoli (NN-NE) Tunis (NN-NE) Vaduz (NW-NN-NE-EE) Valletta (NW-NN) Vatican City (NW-NN-NE-EE) Vienna (WW-NW-NN-NE) Vilnius (SS-SW-WW-NW) Warsaw (SW-WW-NW-NN) Yerevan (WW-NW) Zagreb (WW-NW-NN-NE) Berlin
96%
Algiers (NN-NE) Amman (NW-NN) Amsterdam (NE-EE-SE) Andorra la Vella (NN-NE-EE-SE) Ankara (WW-NW) Athens (NW-NN) Baku (WW-NW) Beirut (NW-NN) Belgrade (WW-NW-NN-NE) Berlin (any) Bern (NN-NE-EE-SE) Bratislava (any) Brussels (NE-EE-SE) Bucharest (SW-WW-NW-NN) Budapest (SW-WW-NW-NN) Cairo (NW-NN) Chișinău (SW-WW-NW-NN) Copenhagen (EE-SE) Damascus (NW-NN) Dublin (NE-EE-SE) Helsinki (SS-SW-WW) Jerusalem (NW-NN) Kiev (SS-SW-WW-NW) Lisbon (NE-EE) Ljubljana (WW-NW-NN-NE) London (NE-EE-SE) Luxembourg (NN-NE-EE-SE) Madrid (NE-EE) Minsk (SS-SW-WW-NW) Monaco (NW-NN-NE-EE) Moscow (SW-WW) Nicosia (NW-NN) Oslo (EE-SE) Paris (NN-NE-EE-SE) Podgorica (WW-NW-NN-NE) Pristina (WW-NW-NN-NE) Rabat (NN-NE) Reykjavík (EE-SE) Riga (SS-SW-WW) Rome (NW-NN-NE-EE) San Marino (NW-NN-NE-EE) Sarajevo (WW-NW-NN-NE) Skopje (WW-NW-NN-NE) Sofia (WW-NW-NN-NE) Stockholm (SS-SW-WW) Tallinn (SS-SW-WW) Tbilisi (WW-NW) Tirana (WW-NW-NN-NE) Tripoli (NN-NE) Tunis (NN-NE) Vaduz (NN-NE-EE-SE) Valletta (NW-NN) Vatican City (NW-NN-NE-EE) Vienna (any) Vilnius (SS-SW-WW-NW) Warsaw (SS-SW-WW-NW) Yerevan (WW-NW) Zagreb (WW-NW-NN-NE) Prague
96%
Algiers (NN-NE) Amman (NW-NN) Amsterdam (NE-EE-SE) Andorra la Vella (NE-EE) Ankara (NW-NN) Athens (NW-NN) Baghdad (NW-NN) Baku (WW-NW) Beirut (NW-NN) Belgrade (NW-NN-NE-EE) Berlin (NE-EE-SE) Bern (NN-NE-EE-SE) Bratislava (NW-NN-NE-EE) Brussels (NN-NE-EE-SE) Bucharest (WW-NW-NN-NE) Budapest (NW-NN-NE-EE) Cairo (NW-NN) Chișinău (WW-NW-NN-NE) Copenhagen (NE-EE-SE) Damascus (NW-NN) Dublin (EE-SE) Helsinki (SS-SW-WW) Jerusalem (NW-NN) Kiev (SW-WW-NW-NN) Lisbon (NE-EE) Ljubljana (NW-NN-NE-EE) London (NN-NE-EE-SE) Luxembourg (NN-NE-EE-SE) Madrid (NE-EE) Minsk (SS-SW-WW-NW) Monaco (NN-NE-EE-SE) Moscow (SS-SW-WW-NW) Nicosia (NW-NN) Oslo (EE-SE) Paris (NN-NE-EE-SE) Podgorica (NW-NN-NE-EE) Prague (NN-NE-EE-SE) Pristina (WW-NW-NN-NE) Reykjavík (EE-SE) Riga (SS-SW-WW) Rome (NW-NN-NE-EE) San Marino (NW-NN-NE-EE) Sarajevo (NW-NN-NE-EE) Skopje (WW-NW-NN-NE) Sofia (WW-NW-NN-NE) Stockholm (EE-SE) Tallinn (SS-SW-WW) Tbilisi (WW-NW) Tirana (NW-NN-NE-EE) Tripoli (NN-NE) Tunis (NN-NE) Vaduz (NN-NE-EE-SE) Valletta (NN-NE) Vatican City (NW-NN-NE-EE) Vienna (NW-NN-NE-EE) Vilnius (SS-SW-WW-NW) Yerevan (WW-NW) Zagreb (NW-NN-NE-EE) Warsaw
96%
Algiers (NN-NE) Amman (NW-NN) Amsterdam (NE-EE-SE) Andorra la Vella (NN-NE-EE-SE) Ankara (WW-NW) Athens (WW-NW-NN-NE) Baghdad (WW-NW) Baku (WW-NW) Beirut (NW-NN) Belgrade (WW-NW-NN-NE) Berlin (EE-SE) Bern (NN-NE-EE-SE) Brussels (NE-EE-SE) Bucharest (SW-WW-NW-NN) Budapest (any) Cairo (NW-NN) Chișinău (SW-WW-NW-NN) Copenhagen (EE-SE) Damascus (NW-NN) Dublin (EE-SE) Helsinki (SS-SW-WW) Jerusalem (NW-NN) Kiev (SS-SW-WW-NW) Lisbon (NE-EE) Ljubljana (NW-NN-NE-EE) London (NE-EE-SE) Luxembourg (NE-EE-SE) Madrid (NE-EE) Minsk (SS-SW-WW-NW) Monaco (NN-NE-EE-SE) Moscow (SW-WW) Nicosia (NW-NN) Oslo (EE-SE) Paris (NE-EE-SE) Podgorica (WW-NW-NN-NE) Prague (any) Pristina (WW-NW-NN-NE) Rabat (NE-EE) Reykjavík (EE-SE) Riga (SS-SW-WW) Rome (NW-NN-NE-EE) San Marino (NW-NN-NE-EE) Sarajevo (WW-NW-NN-NE) Skopje (WW-NW-NN-NE) Sofia (WW-NW-NN-NE) Stockholm (SS-SW-WW) Tallinn (SS-SW-WW) Tbilisi (WW-NW) Tirana (WW-NW-NN-NE) Tripoli (NN-NE) Tunis (NW-NN-NE-EE) Vaduz (NN-NE-EE-SE) Valletta (NW-NN-NE-EE) Vatican City (NW-NN-NE-EE) Vienna (any) Vilnius (SS-SW-WW) Warsaw (SS-SW-WW) Yerevan (WW-NW) Zagreb (any) Bratislava
95%
Algiers (NN-NE) Amsterdam (any) Andorra la Vella (NW-NN-NE-EE) Ankara (WW-NW) Athens (WW-NW) Belgrade (SW-WW-NW-NN) Berlin (SS-SW-WW-NW) Bern (WW-NW-NN-NE) Bratislava (SW-WW-NW-NN) Bucharest (WW-NW) Budapest (SW-WW-NW-NN) Chișinău (WW-NW) Copenhagen (SS-SW-WW-NW) Dublin (NE-EE-SE) Helsinki (SW-WW) Kiev (WW-NW) Lisbon (NN-NE) Ljubljana (SW-WW-NW-NN) London (NE-EE-SE) Luxembourg (any) Madrid (NW-NN-NE-EE) Minsk (SW-WW) Monaco (WW-NW-NN-NE) Moscow (SW-WW) Nicosia (WW-NW) Oslo (SS-SW-WW) Paris (any) Podgorica (SW-WW-NW-NN) Prague (SW-WW-NW-NN) Pristina (WW-NW) Rabat (NN-NE) Reykjavík (EE-SE) Riga (SS-SW-WW-NW) Rome (WW-NW-NN-NE) San Marino (WW-NW-NN-NE) Sarajevo (SW-WW-NW-NN) Skopje (WW-NW) Sofia (WW-NW) Stockholm (SS-SW-WW) Tallinn (SW-WW) Tirana (WW-NW) Tripoli (NW-NN) Tunis (NW-NN) Vaduz (WW-NW-NN-NE) Valletta (NW-NN) Vatican City (WW-NW-NN-NE) Vienna (SW-WW-NW-NN) Vilnius (SS-SW-WW-NW) Warsaw (SS-SW-WW-NW) Zagreb (SW-WW-NW-NN) Brussels
95%
Algiers (NE-EE) Amman (NW-NN) Amsterdam (NE-EE-SE) Andorra la Vella (NN-NE-EE-SE) Ankara (SW-WW-NW-NN) Athens (WW-NW-NN-NE) Baghdad (WW-NW) Baku (WW-NW) Beirut (NW-NN) Belgrade (WW-NW-NN-NE) Berlin (EE-SE) Bern (NN-NE-EE-SE) Bratislava (any) Brussels (NE-EE-SE) Bucharest (SW-WW-NW-NN) Cairo (NW-NN) Chișinău (SW-WW-NW-NN) Copenhagen (EE-SE) Damascus (NW-NN) Dublin (EE-SE) Helsinki (SS-SW-WW) Jerusalem (NW-NN) Kiev (SS-SW-WW-NW) Lisbon (NE-EE) Ljubljana (NN-NE-EE-SE) London (NE-EE-SE) Luxembourg (NE-EE-SE) Madrid (NE-EE) Minsk (SS-SW-WW) Monaco (NN-NE-EE-SE) Moscow (SW-WW) Nicosia (NW-NN) Oslo (EE-SE) Paris (NE-EE-SE) Podgorica (WW-NW-NN-NE) Prague (NE-EE-SE) Pristina (WW-NW-NN-NE) Rabat (NE-EE) Riga (SS-SW-WW) Rome (NW-NN-NE-EE) San Marino (NN-NE-EE-SE) Sarajevo (NW-NN-NE-EE) Skopje (WW-NW-NN-NE) Sofia (WW-NW-NN-NE) Stockholm (EE-SE) Tallinn (SS-SW-WW) Tbilisi (WW-NW) Tehran (WW-NW) Tirana (WW-NW-NN-NE) Tripoli (NN-NE) Tunis (NW-NN-NE-EE) Vaduz (NN-NE-EE-SE) Valletta (NW-NN-NE-EE) Vatican City (NW-NN-NE-EE) Vienna (any) Vilnius (SS-SW-WW) Warsaw (SS-SW-WW) Yerevan (WW-NW) Zagreb (any) Budapest
95%
Algiers (NE-EE) Amman (NW-NN) Amsterdam (EE-SE) Andorra la Vella (NE-EE) Ankara (WW-NW-NN-NE) Ashgabat (WW-NW) Athens (NW-NN-NE-EE) Baghdad (NW-NN) Baku (WW-NW) Beirut (NW-NN) Belgrade (NN-NE-EE-SE) Berlin (NE-EE-SE) Bern (NE-EE) Bratislava (NE-EE-SE) Brussels (EE-SE) Bucharest (NW-NN-NE-EE) Budapest (NE-EE-SE) Cairo (NW-NN) Copenhagen (NE-EE-SE) Damascus (NW-NN) Dublin (EE-SE) Helsinki (EE-SE) Jerusalem (NW-NN) Kiev (SS-SW-WW) Kuwait City (NW-NN) Ljubljana (NN-NE-EE-SE) London (EE-SE) Luxembourg (EE-SE) Madrid (NE-EE) Manama (NW-NN) Minsk (EE-SE) Monaco (NE-EE) Moscow (SS-SW-WW) Nicosia (WW-NW-NN-NE) Oslo (SE) Paris (EE-SE) Podgorica (NN-NE-EE-SE) Prague (NE-EE-SE) Pristina (NN-NE-EE-SE) Riga (EE-SE) Riyadh (NW-NN) Rome (NN-NE-EE-SE) San Marino (NN-NE-EE-SE) Sarajevo (NN-NE-EE-SE) Skopje (NN-NE-EE-SE) Sofia (NW-NN-NE-EE) Stockholm (SE) Tallinn (EE-SE) Tbilisi (SW-WW-NW-NN) Tehran (WW-NW) Tirana (NN-NE-EE-SE) Tripoli (NN-NE) Tunis (NE-EE) Vaduz (NE-EE-SE) Valletta (NN-NE) Vatican City (NN-NE-EE-SE) Vienna (NE-EE-SE) Vilnius (EE-SE) Warsaw (EE-SE) Yerevan (SW-WW-NW-NN) Zagreb (NN-NE-EE-SE) Chișinău
95%
Algiers (NN-NE) Amsterdam (NN-NE-EE-SE) Andorra la Vella (NN-NE) Ankara (NW-NN) Athens (NW-NN) Beirut (NW-NN) Belgrade (WW-NW-NN-NE) Berlin (WW-NW-NN-NE) Bern (NW-NN-NE-EE) Bratislava (WW-NW-NN-NE) Brussels (NN-NE-EE-SE) Bucharest (NW-NN) Budapest (WW-NW-NN-NE) Chișinău (SW-WW-NW-NN) Dublin (NN-NE-EE-SE) Helsinki (SS-SW-WW-NW) Kiev (SW-WW-NW-NN) Lisbon (NN-NE) Ljubljana (WW-NW-NN-NE) London (NN-NE-EE-SE) Luxembourg (NW-NN-NE-EE) Madrid (NN-NE) Minsk (SW-WW-NW-NN) Monaco (NW-NN-NE-EE) Moscow (SW-WW) Nicosia (NW-NN) Oslo (EE-SE) Paris (NW-NN-NE-EE) Podgorica (NW-NN) Prague (WW-NW-NN-NE) Pristina (NW-NN) Rabat (NN-NE) Reykjavík (EE-SE) Riga (SS-SW-WW-NW) Rome (NN-NE) San Marino (NW-NN-NE-EE) Sarajevo (WW-NW-NN-NE) Skopje (NW-NN) Sofia (NW-NN) Stockholm (SS-SW-WW) Tallinn (SS-SW-WW-NW) Tbilisi (WW-NW) Tirana (NW-NN) Tripoli (NW-NN) Tunis (NN-NE) Vaduz (NW-NN-NE-EE) Valletta (NW-NN) Vatican City (NN-NE) Vienna (WW-NW-NN-NE) Vilnius (SW-WW-NW-NN) Warsaw (SW-WW-NW-NN) Yerevan (WW-NW) Zagreb (WW-NW-NN-NE) Copenhagen
95%
Algiers (NW-NN-NE-EE) Amman (WW-NW) Amsterdam (EE-SE) Andorra la Vella (NN-NE-EE-SE) Ankara (WW-NW) Athens (WW-NW-NN-NE) Baghdad (WW-NW) Baku (WW-NW) Beirut (WW-NW) Belgrade (SW-WW-NW-NN) Berlin (EE-SE) Bern (NE-EE-SE) Bratislava (SS-SW-WW) Brussels (NE-EE-SE) Bucharest (SW-WW-NW-NN) Budapest (SS-SW-WW-NW) Cairo (NW-NN) Chișinău (SS-SW-WW-NW) Copenhagen (EE-SE) Damascus (WW-NW) Dublin (EE-SE) Helsinki (SS-SW) Jerusalem (WW-NW) Kiev (SS-SW-WW-NW) Lisbon (NE-EE) London (NE-EE-SE) Luxembourg (NE-EE-SE) Madrid (NE-EE) Minsk (SS-SW-WW-NW) Monaco (NN-NE-EE-SE) Moscow (SW-WW) Nicosia (WW-NW) Oslo (SE) Paris (NE-EE-SE) Podgorica (WW-NW-NN-NE) Prague (EE-SE) Pristina (SW-WW-NW-NN) Rabat (NE-EE) Riga (SS-SW-WW) Rome (NW-NN-NE-EE) San Marino (any) Sarajevo (SW-WW-NW-NN) Skopje (SW-WW-NW-NN) Sofia (SW-WW-NW-NN) Stockholm (SS-SW-WW) Tallinn (SS-SW) Tbilisi (WW-NW) Tirana (WW-NW-NN-NE) Tripoli (NW-NN-NE-EE) Tunis (NW-NN-NE-EE) Vaduz (NE-EE-SE) Valletta (WW-NW-NN-NE) Vatican City (NW-NN-NE-EE) Vienna (any) Vilnius (SS-SW-WW) Warsaw (SS-SW-WW) Yerevan (WW-NW) Zagreb (any) Ljubljana
95%
Algiers (NW-NN-NE-EE) Amsterdam (EE-SE) Andorra la Vella (NW-NN-NE-EE) Ankara (WW-NW) Athens (WW-NW) Beirut (WW-NW) Belgrade (SW-WW-NW-NN) Berlin (SS-SW-WW-NW) Bern (WW-NW-NN-NE) Bratislava (SW-WW-NW-NN) Brussels (any) Bucharest (WW-NW) Budapest (SW-WW-NW-NN) Chișinău (WW-NW) Copenhagen (SS-SW-WW) Dublin (NE-EE-SE) Helsinki (SW-WW) Kiev (SW-WW) Lisbon (NE-EE) Ljubljana (SW-WW-NW-NN) London (NE-EE-SE) Madrid (NW-NN-NE-EE) Minsk (SW-WW) Monaco (WW-NW-NN-NE) Moscow (SW-WW) Nicosia (WW-NW) Oslo (SS-SW-WW) Paris (any) Podgorica (SW-WW-NW-NN) Prague (SS-SW-WW-NW) Pristina (SW-WW-NW-NN) Rabat (NN-NE) Reykjavík (EE-SE) Riga (SS-SW-WW-NW) Rome (WW-NW-NN-NE) San Marino (WW-NW-NN-NE) Sarajevo (SW-WW-NW-NN) Skopje (SW-WW-NW-NN) Sofia (WW-NW) Stockholm (SS-SW-WW) Tallinn (SW-WW) Tirana (SW-WW-NW-NN) Tripoli (NW-NN) Tunis (WW-NW-NN-NE) Vaduz (WW-NW-NN-NE) Valletta (NW-NN) Vatican City (WW-NW-NN-NE) Vienna (SW-WW-NW-NN) Vilnius (SS-SW-WW-NW) Warsaw (SS-SW-WW-NW) Zagreb (SW-WW-NW-NN) Luxembourg
95%
Algiers (WW-NW-NN-NE) Amsterdam (SS-SW-WW) Andorra la Vella (NW-NN-NE-EE) Ankara (WW-NW) Athens (WW-NW) Belgrade (SW-WW-NW-NN) Berlin (SS-SW-WW-NW) Bern (SW-WW-NW-NN) Bratislava (SW-WW-NW-NN) Brussels (any) Bucharest (WW-NW) Budapest (SW-WW-NW-NN) Chișinău (WW-NW) Copenhagen (SS-SW-WW) Dublin (NE-EE-SE) Helsinki (SW-WW) Kiev (SW-WW) Lisbon (NW-NN-NE-EE) Ljubljana (SW-WW-NW-NN) London (EE-SE) Luxembourg (any) Madrid (NW-NN-NE-EE) Minsk (SW-WW) Monaco (WW-NW-NN-NE) Moscow (SW-WW) Nicosia (WW-NW) Oslo (SS-SW-WW) Podgorica (SW-WW-NW-NN) Prague (SS-SW-WW-NW) Pristina (WW-NW) Rabat (NN-NE) Reykjavík (SE) Riga (SW-WW) Rome (SW-WW-NW-NN) San Marino (SW-WW-NW-NN) Sarajevo (SW-WW-NW-NN) Skopje (WW-NW) Sofia (WW-NW) Stockholm (SS-SW) Tallinn (SW-WW) Tirana (WW-NW) Tripoli (NW-NN) Tunis (WW-NW-NN-NE) Vaduz (SW-WW-NW-NN) Valletta (NW-NN) Vatican City (SW-WW-NW-NN) Vienna (SW-WW-NW-NN) Vilnius (SW-WW) Warsaw (SS-SW-WW-NW) Zagreb (SW-WW-NW-NN) Paris
95%
Algiers (NE-EE) Amman (NW-NN) Amsterdam (EE-SE) Andorra la Vella (NE-EE) Ankara (SW-WW-NW-NN) Athens (WW-NW-NN-NE) Baghdad (WW-NW) Baku (WW-NW) Beirut (SW-WW-NW-NN) Belgrade (EE-SE) Berlin (EE-SE) Bern (NE-EE-SE) Bratislava (EE-SE) Brussels (EE-SE) Bucharest (any) Budapest (EE-SE) Cairo (NW-NN) Chișinău (SS-SW-WW) Copenhagen (SE) Damascus (WW-NW) Dublin (EE-SE) Helsinki (SS-SW) Jerusalem (NW-NN) Kiev (SS-SW-WW) Kuwait City (WW-NW) Lisbon (NE-EE) Ljubljana (NE-EE-SE) London (EE-SE) Luxembourg (EE-SE) Madrid (NE-EE) Minsk (SS-SW-WW) Monaco (NE-EE-SE) Moscow (SS-SW) Nicosia (SW-WW-NW-NN) Oslo (SE) Paris (EE-SE) Podgorica (NN-NE-EE-SE) Prague (EE-SE) Pristina (any) Rabat (NE-EE) Riga (SS-SW) Riyadh (WW-NW) Rome (NN-NE-EE-SE) San Marino (NE-EE-SE) Sarajevo (NE-EE-SE) Skopje (any) Stockholm (SE) Tallinn (SS-SW) Tbilisi (WW-NW) Tehran (WW-NW) Tirana (NN-NE-EE-SE) Tripoli (NW-NN-NE-EE) Tunis (NN-NE-EE-SE) Vaduz (NE-EE-SE) Valletta (NN-NE-EE-SE) Vatican City (NN-NE-EE-SE) Vienna (EE-SE) Vilnius (SS-SW-WW) Warsaw (EE-SE) Yerevan (WW-NW) Zagreb (NE-EE-SE) Sofia
95%
Algiers (NW-NN-NE-EE) Amman (WW-NW) Amsterdam (EE-SE) Andorra la Vella (NN-NE-EE-SE) Ankara (WW-NW) Athens (WW-NW) Beirut (WW-NW) Belgrade (SW-WW-NW-NN) Berlin (SS-SW-WW) Bern (any) Bratislava (SS-SW-WW-NW) Brussels (EE-SE) Bucharest (SW-WW-NW-NN) Budapest (SS-SW-WW-NW) Cairo (NW-NN) Chișinău (SW-WW-NW-NN) Copenhagen (SS-SW-WW) Damascus (WW-NW) Dublin (NE-EE-SE) Helsinki (SS-SW) Jerusalem (WW-NW) Kiev (SW-WW) Lisbon (NE-EE) Ljubljana (SW-WW-NW-NN) London (NE-EE-SE) Luxembourg (EE-SE) Madrid (NN-NE-EE-SE) Minsk (SS-SW-WW-NW) Monaco (NW-NN-NE-EE) Moscow (SW-WW) Nicosia (WW-NW) Oslo (SS-SW-WW) Paris (NE-EE-SE) Podgorica (SW-WW-NW-NN) Prague (SS-SW-WW-NW) Pristina (SW-WW-NW-NN) Rabat (NN-NE) Reykjavík (EE-SE) Riga (SS-SW-WW) Rome (WW-NW-NN-NE) San Marino (WW-NW-NN-NE) Sarajevo (SW-WW-NW-NN) Skopje (SW-WW-NW-NN) Sofia (SW-WW-NW-NN) Stockholm (SS-SW-WW) Tallinn (SS-SW) Tbilisi (WW-NW) Tirana (SW-WW-NW-NN) Tripoli (NW-NN) Tunis (WW-NW-NN-NE) Valletta (WW-NW-NN-NE) Vatican City (WW-NW-NN-NE) Vienna (SS-SW-WW-NW) Vilnius (SS-SW-WW-NW) Warsaw (SS-SW-WW-NW) Yerevan (WW-NW) Zagreb (SW-WW-NW-NN) Vaduz
95%
Algiers (NN-NE) Amman (NW-NN) Amsterdam (NE-EE-SE) Andorra la Vella (NN-NE-EE-SE) Ankara (WW-NW) Athens (WW-NW-NN-NE) Baghdad (WW-NW) Baku (WW-NW) Beirut (WW-NW) Belgrade (WW-NW-NN-NE) Berlin (EE-SE) Bern (NN-NE-EE-SE) Bratislava (any) Brussels (NE-EE-SE) Bucharest (SW-WW-NW-NN) Budapest (any) Cairo (NW-NN) Chișinău (SW-WW-NW-NN) Copenhagen (EE-SE) Damascus (WW-NW) Dublin (EE-SE) Helsinki (SS-SW-WW) Jerusalem (NW-NN) Kiev (SS-SW-WW-NW) Lisbon (NE-EE) Ljubljana (any) London (NE-EE-SE) Luxembourg (NE-EE-SE) Madrid (NE-EE) Minsk (SS-SW-WW-NW) Monaco (NN-NE-EE-SE) Moscow (SW-WW) Nicosia (NW-NN) Oslo (EE-SE) Paris (NE-EE-SE) Podgorica (WW-NW-NN-NE) Prague (any) Pristina (WW-NW-NN-NE) Rabat (NE-EE) Reykjavík (EE-SE) Riga (SS-SW-WW) Rome (NW-NN-NE-EE) San Marino (NW-NN-NE-EE) Sarajevo (WW-NW-NN-NE) Skopje (WW-NW-NN-NE) Sofia (WW-NW-NN-NE) Stockholm (SS-SW-WW) Tallinn (SS-SW-WW) Tbilisi (WW-NW) Tirana (WW-NW-NN-NE) Tripoli (NN-NE) Tunis (NW-NN-NE-EE) Vaduz (NN-NE-EE-SE) Valletta (NW-NN-NE-EE) Vatican City (NW-NN-NE-EE) Vilnius (SS-SW-WW) Warsaw (SS-SW-WW) Yerevan (WW-NW) Zagreb (any) Vienna
95%
Algiers (NN-NE-EE-SE) Amman (WW-NW) Amsterdam (NE-EE-SE) Andorra la Vella (NN-NE-EE-SE) Ankara (WW-NW) Athens (WW-NW-NN-NE) Baghdad (WW-NW) Baku (WW-NW) Beirut (WW-NW) Belgrade (SW-WW-NW-NN) Berlin (EE-SE) Bern (NE-EE-SE) Bratislava (any) Brussels (NE-EE-SE) Bucharest (SW-WW-NW-NN) Budapest (any) Cairo (NW-NN) Chișinău (SS-SW-WW-NW) Copenhagen (EE-SE) Damascus (WW-NW) Dublin (EE-SE) Helsinki (SS-SW) Jerusalem (WW-NW) Kiev (SS-SW-WW-NW) Lisbon (NE-EE) Ljubljana (any) London (NE-EE-SE) Luxembourg (NE-EE-SE) Madrid (NE-EE) Minsk (SS-SW-WW) Monaco (NN-NE-EE-SE) Moscow (SW-WW) Nicosia (WW-NW) Oslo (SE) Paris (NE-EE-SE) Podgorica (WW-NW-NN-NE) Prague (EE-SE) Pristina (SW-WW-NW-NN) Rabat (NE-EE) Riga (SS-SW-WW) Rome (NW-NN-NE-EE) San Marino (NN-NE-EE-SE) Sarajevo (any) Skopje (SW-WW-NW-NN) Sofia (SW-WW-NW-NN) Stockholm (SS-SW) Tallinn (SS-SW) Tbilisi (WW-NW) Tirana (WW-NW-NN-NE) Tripoli (NW-NN-NE-EE) Tunis (NW-NN-NE-EE) Vaduz (NE-EE-SE) Valletta (NW-NN-NE-EE) Vatican City (NW-NN-NE-EE) Vienna (any) Vilnius (SS-SW-WW) Warsaw (SS-SW-WW) Yerevan (WW-NW) Zagreb
95%
Algiers (NE-EE) Amman (SW-WW-NW-NN) Amsterdam (SE) Andorra la Vella (EE-SE) Ankara (SS-SW-WW-NW) Asmara (NW-NN) Baghdad (WW-NW) Baku (SW-WW) Beirut (SW-WW-NW-NN) Belgrade (EE-SE) Berlin (SE) Bern (EE-SE) Bratislava (EE-SE) Brussels (EE-SE) Bucharest (SS-SW-WW) Budapest (EE-SE) Cairo (WW-NW-NN-NE) Chișinău (SS-SW-WW) Copenhagen (SE) Damascus (SW-WW-NW-NN) Doha (WW-NW) Dublin (EE-SE) Helsinki (SS-SW) Jerusalem (SW-WW-NW-NN) Khartoum (NW-NN) Kiev (SS-SW-WW) Kuwait City (WW-NW) Lisbon (EE-SE) Ljubljana (EE-SE) London (EE-SE) Luxembourg (EE-SE) Madrid (EE-SE) Manama (WW-NW) Minsk (SS-SW) Monaco (EE-SE) Moscow (SS-SW) N'Djamena (NN-NE) Nicosia (SW-WW-NW-NN) Oslo (SE) Paris (EE-SE) Podgorica (EE-SE) Prague (SE) Pristina (EE-SE) Rabat (NE-EE) Riga (SS-SW) Riyadh (WW-NW) Rome (NE-EE-SE) San Marino (NE-EE-SE) Sarajevo (EE-SE) Skopje (EE-SE) Sofia (EE-SE) Stockholm (SE) Tallinn (SS-SW) Tbilisi (SW-WW) Tehran (WW-NW) Tirana (EE-SE) Tripoli (NN-NE-EE-SE) Tunis (NN-NE-EE-SE) Vaduz (EE-SE) Valletta (NN-NE-EE-SE) Vatican City (NE-EE-SE) Vienna (EE-SE) Vilnius (SS-SW) Warsaw (SE) Yerevan (SW-WW) Zagreb (EE-SE) Athens
94%
Algiers (NE-EE) Amman (NW-NN) Amsterdam (NE-EE-SE) Andorra la Vella (NE-EE) Ankara (SW-WW-NW-NN) Athens (WW-NW-NN-NE) Baghdad (WW-NW) Baku (WW-NW) Beirut (WW-NW) Berlin (EE-SE) Bern (NE-EE-SE) Bratislava (EE-SE) Brussels (NE-EE-SE) Bucharest (SW-WW-NW-NN) Budapest (EE-SE) Cairo (NW-NN) Chișinău (SS-SW-WW-NW) Copenhagen (EE-SE) Damascus (WW-NW) Dublin (EE-SE) Helsinki (SS-SW) Jerusalem (NW-NN) Kiev (SS-SW-WW-NW) Kuwait City (WW-NW) Lisbon (NE-EE) Ljubljana (NE-EE-SE) London (EE-SE) Luxembourg (NE-EE-SE) Madrid (NE-EE) Minsk (SS-SW-WW) Monaco (NN-NE-EE-SE) Moscow (SS-SW) Nicosia (WW-NW) Oslo (SE) Paris (NE-EE-SE) Podgorica (any) Prague (EE-SE) Pristina (any) Rabat (NE-EE) Riga (SS-SW-WW) Rome (NN-NE-EE-SE) San Marino (NN-NE-EE-SE) Sarajevo (any) Skopje (WW-NW-NN-NE) Sofia (WW-NW-NN-NE) Stockholm (SE) Tallinn (SS-SW) Tbilisi (WW-NW) Tehran (WW-NW) Tirana (NW-NN-NE-EE) Tripoli (NW-NN-NE-EE) Tunis (NW-NN-NE-EE) Vaduz (NE-EE-SE) Valletta (NW-NN-NE-EE) Vatican City (NN-NE-EE-SE) Vienna (EE-SE) Vilnius (SS-SW-WW) Warsaw (SS-SW-WW) Yerevan (WW-NW) Zagreb (NE-EE-SE) Belgrade
94%
Algiers (NW-NN-NE-EE) Amman (WW-NW) Amsterdam (EE-SE) Andorra la Vella (NW-NN-NE-EE) Ankara (WW-NW) Athens (WW-NW) Beirut (WW-NW) Belgrade (SW-WW-NW-NN) Berlin (SS-SW-WW) Bratislava (SS-SW-WW-NW) Brussels (EE-SE) Bucharest (SW-WW-NW-NN) Budapest (SS-SW-WW-NW) Cairo (WW-NW) Chișinău (SW-WW) Copenhagen (SS-SW-WW) Damascus (WW-NW) Dublin (NE-EE-SE) Helsinki (SS-SW) Jerusalem (WW-NW) Kiev (SW-WW) Lisbon (NE-EE) Ljubljana (SW-WW-NW-NN) London (NE-EE-SE) Luxembourg (EE-SE) Madrid (NN-NE-EE-SE) Minsk (SW-WW) Monaco (NW-NN-NE-EE) Moscow (SW-WW) Nicosia (WW-NW) Oslo (SS-SW-WW) Paris (NE-EE-SE) Podgorica (SW-WW-NW-NN) Prague (SS-SW-WW-NW) Pristina (SW-WW-NW-NN) Rabat (NN-NE) Reykjavík (SE) Riga (SW-WW) Rome (WW-NW-NN-NE) San Marino (SW-WW-NW-NN) Sarajevo (SW-WW-NW-NN) Skopje (SW-WW-NW-NN) Sofia (SW-WW-NW-NN) Stockholm (SS-SW) Tallinn (SS-SW) Tirana (SW-WW-NW-NN) Tripoli (NW-NN) Tunis (WW-NW-NN-NE) Vaduz (any) Valletta (WW-NW-NN-NE) Vatican City (WW-NW-NN-NE) Vienna (SS-SW-WW-NW) Vilnius (SW-WW) Warsaw (SS-SW-WW-NW) Zagreb (SW-WW-NW-NN) Bern
94%
Algiers (NE-EE) Amman (NW-NN) Amsterdam (EE-SE) Andorra la Vella (NE-EE) Ankara (SW-WW-NW-NN) Ashgabat (WW-NW) Athens (NW-NN-NE-EE) Baghdad (WW-NW) Baku (WW-NW) Beirut (WW-NW-NN-NE) Belgrade (NE-EE-SE) Berlin (NE-EE-SE) Bern (NE-EE-SE) Bratislava (NE-EE-SE) Brussels (EE-SE) Budapest (NE-EE-SE) Cairo (NW-NN) Chișinău (SS-SW-WW) Copenhagen (SE) Damascus (WW-NW-NN-NE) Dublin (EE-SE) Helsinki (SE) Jerusalem (NW-NN) Kiev (SS-SW-WW) Kuwait City (WW-NW) Lisbon (NE-EE) Ljubljana (NE-EE-SE) London (EE-SE) Luxembourg (EE-SE) Madrid (NE-EE) Manama (WW-NW) Minsk (SS-SW-WW) Monaco (NN-NE-EE-SE) Moscow (SS-SW) Nicosia (WW-NW-NN-NE) Oslo (SE) Paris (EE-SE) Podgorica (NN-NE-EE-SE) Prague (NE-EE-SE) Pristina (NN-NE-EE-SE) Riga (EE-SE) Riyadh (NW-NN) Rome (NN-NE-EE-SE) San Marino (NN-NE-EE-SE) Sarajevo (NN-NE-EE-SE) Skopje (NN-NE-EE-SE) Sofia (any) Stockholm (SE) Tallinn (SE) Tbilisi (WW-NW) Tehran (WW-NW) Tirana (NN-NE-EE-SE) Tripoli (NN-NE) Tunis (NE-EE) Vaduz (NE-EE-SE) Valletta (NN-NE-EE-SE) Vatican City (NN-NE-EE-SE) Vienna (NE-EE-SE) Vilnius (EE-SE) Warsaw (EE-SE) Yerevan (WW-NW) Zagreb (NE-EE-SE) Bucharest
94%
Algiers (NW-NN) Amsterdam (SS-SW-WW-NW) Andorra la Vella (WW-NW-NN-NE) Ankara (WW-NW) Athens (WW-NW) Belgrade (WW-NW) Berlin (SS-SW-WW-NW) Bern (SW-WW-NW-NN) Bratislava (SW-WW-NW-NN) Brussels (SW-WW-NW-NN) Bucharest (WW-NW) Budapest (SW-WW-NW-NN) Chișinău (WW-NW) Copenhagen (SS-SW-WW-NW) Dublin (NE-EE-SE) Helsinki (SW-WW) Kiev (WW-NW) Lisbon (NN-NE) Ljubljana (SW-WW-NW-NN) Luxembourg (SW-WW-NW-NN) Madrid (NW-NN-NE-EE) Minsk (SW-WW) Monaco (WW-NW-NN-NE) Moscow (SW-WW) Oslo (SS-SW-WW) Paris (WW-NW-NN-NE) Podgorica (WW-NW) Prague (SW-WW-NW-NN) Pristina (WW-NW) Rabat (NN-NE) Reykjavík (SE) Riga (SW-WW) Rome (WW-NW-NN-NE) San Marino (SW-WW-NW-NN) Sarajevo (WW-NW) Skopje (WW-NW) Sofia (WW-NW) Stockholm (SS-SW-WW-NW) Tallinn (SW-WW) Tirana (WW-NW) Tripoli (NW-NN) Tunis (NW-NN) Vaduz (SW-WW-NW-NN) Valletta (NW-NN) Vatican City (WW-NW-NN-NE) Vienna (SW-WW-NW-NN) Vilnius (SW-WW) Warsaw (SS-SW-WW-NW) Zagreb (SW-WW-NW-NN) London
94%
Algiers (NE-EE) Amman (WW-NW) Amsterdam (EE-SE) Andorra la Vella (NE-EE) Ankara (SW-WW-NW-NN) Athens (WW-NW-NN-NE) Baghdad (WW-NW) Baku (WW-NW) Beirut (WW-NW) Belgrade (any) Berlin (EE-SE) Bern (NE-EE-SE) Bratislava (EE-SE) Brussels (EE-SE) Bucharest (SS-SW-WW-NW) Budapest (EE-SE) Cairo (NW-NN) Chișinău (SS-SW-WW-NW) Copenhagen (SE) Damascus (WW-NW) Dublin (EE-SE) Helsinki (SS-SW) Jerusalem (WW-NW) Kiev (SS-SW-WW) Kuwait City (WW-NW) Lisbon (NE-EE) Ljubljana (NE-EE-SE) London (EE-SE) Luxembourg (NE-EE-SE) Madrid (NE-EE) Minsk (SS-SW-WW) Monaco (NE-EE-SE) Moscow (SS-SW) Nicosia (SW-WW-NW-NN) Oslo (SE) Paris (EE-SE) Podgorica (any) Prague (EE-SE) Rabat (NE-EE) Riga (SS-SW) Rome (NN-NE-EE-SE) San Marino (NE-EE-SE) Sarajevo (any) Skopje (any) Sofia (any) Stockholm (SE) Tallinn (SS-SW) Tbilisi (WW-NW) Tehran (WW-NW) Tirana (any) Tripoli (NW-NN-NE-EE) Tunis (NN-NE-EE-SE) Vaduz (NE-EE-SE) Valletta (NW-NN-NE-EE) Vatican City (NN-NE-EE-SE) Vienna (EE-SE) Vilnius (SS-SW-WW) Warsaw (EE-SE) Yerevan (WW-NW) Zagreb (NE-EE-SE) Pristina
94%
Algiers (NN-NE-EE-SE) Amman (WW-NW) Amsterdam (EE-SE) Andorra la Vella (NE-EE-SE) Ankara (WW-NW) Athens (SW-WW-NW-NN) Baghdad (WW-NW) Beirut (WW-NW) Belgrade (SS-SW-WW-NW) Berlin (SS-SW-WW) Bern (EE-SE) Bratislava (SS-SW-WW) Brussels (EE-SE) Bucharest (SS-SW-WW-NW) Budapest (SS-SW-WW) Cairo (WW-NW) Chișinău (SS-SW-WW-NW) Copenhagen (SS-SW) Damascus (WW-NW) Dublin (EE-SE) Helsinki (SS-SW) Jerusalem (WW-NW) Kiev (SW-WW) Lisbon (NE-EE) Ljubljana (SS-SW-WW) London (EE-SE) Luxembourg (EE-SE) Madrid (NN-NE-EE-SE) Minsk (SS-SW) Monaco (NE-EE-SE) Moscow (SW-WW) Nicosia (WW-NW) Oslo (SE) Paris (NE-EE-SE) Podgorica (SS-SW-WW-NW) Prague (SS-SW-WW) Pristina (SS-SW-WW-NW) Rabat (NE-EE) Riga (SS-SW) San Marino (any) Sarajevo (SS-SW-WW-NW) Skopje (SS-SW-WW-NW) Sofia (SS-SW-WW-NW) Stockholm (SS-SW) Tallinn (SS-SW) Tbilisi (WW-NW) Tirana (SW-WW-NW-NN) Tripoli (WW-NW-NN-NE) Tunis (NW-NN-NE-EE) Vaduz (EE-SE) Valletta (WW-NW-NN-NE) Vatican City (any) Vienna (SS-SW-WW) Vilnius (SS-SW) Warsaw (SS-SW-WW) Yerevan (WW-NW) Zagreb (SS-SW-WW) Rome
94%
Algiers (NW-NN-NE-EE) Amman (WW-NW) Amsterdam (EE-SE) Andorra la Vella (NN-NE-EE-SE) Ankara (WW-NW) Athens (SW-WW-NW-NN) Baghdad (WW-NW) Beirut (WW-NW) Belgrade (SS-SW-WW-NW) Berlin (SS-SW-WW) Bern (NE-EE-SE) Bratislava (SS-SW-WW) Brussels (EE-SE) Bucharest (SS-SW-WW-NW) Budapest (SS-SW-WW-NW) Cairo (WW-NW) Chișinău (SS-SW-WW-NW) Copenhagen (SS-SW-WW) Damascus (WW-NW) Dublin (EE-SE) Helsinki (SS-SW) Jerusalem (WW-NW) Kiev (SW-WW) Lisbon (NE-EE) Ljubljana (any) London (NE-EE-SE) Luxembourg (EE-SE) Madrid (NN-NE-EE-SE) Minsk (SS-SW) Monaco (NN-NE-EE-SE) Moscow (SW-WW) Nicosia (WW-NW) Oslo (SE) Paris (NE-EE-SE) Podgorica (SW-WW-NW-NN) Prague (SS-SW-WW) Pristina (SW-WW-NW-NN) Rabat (NE-EE) Riga (SS-SW) Rome (any) Sarajevo (SW-WW-NW-NN) Skopje (SW-WW-NW-NN) Sofia (SW-WW-NW-NN) Stockholm (SS-SW) Tallinn (SS-SW) Tbilisi (WW-NW) Tirana (SW-WW-NW-NN) Tripoli (WW-NW-NN-NE) Tunis (NW-NN-NE-EE) Vaduz (EE-SE) Valletta (WW-NW-NN-NE) Vatican City (any) Vienna (SS-SW-WW) Vilnius (SS-SW) Warsaw (SS-SW-WW) Yerevan (WW-NW) Zagreb (SS-SW-WW-NW) San Marino
94%
Algiers (NE-EE) Amman (WW-NW) Amsterdam (EE-SE) Andorra la Vella (EE-SE) Ankara (SW-WW-NW-NN) Athens (WW-NW-NN-NE) Baghdad (WW-NW) Baku (WW-NW) Beirut (WW-NW) Belgrade (EE-SE) Berlin (EE-SE) Bern (NE-EE-SE) Bratislava (EE-SE) Brussels (EE-SE) Bucharest (SS-SW-WW-NW) Budapest (EE-SE) Cairo (NW-NN) Chișinău (SS-SW-WW-NW) Copenhagen (SE) Damascus (WW-NW) Dublin (EE-SE) Helsinki (SS-SW) Jerusalem (WW-NW) Kiev (SS-SW-WW) Kuwait City (WW-NW) Lisbon (NE-EE) Ljubljana (NE-EE-SE) London (EE-SE) Luxembourg (NE-EE-SE) Madrid (NE-EE) Minsk (SS-SW-WW) Monaco (NE-EE-SE) Moscow (SS-SW) Nicosia (SW-WW-NW-NN) Oslo (SE) Paris (EE-SE) Podgorica (any) Prague (EE-SE) Pristina (any) Rabat (NE-EE) Riga (SS-SW) Rome (NN-NE-EE-SE) San Marino (NE-EE-SE) Sarajevo (NE-EE-SE) Sofia (any) Stockholm (SE) Tallinn (SS-SW) Tbilisi (WW-NW) Tehran (WW-NW) Tirana (any) Tripoli (NW-NN-NE-EE) Tunis (NN-NE-EE-SE) Vaduz (NE-EE-SE) Valletta (NW-NN-NE-EE) Vatican City (NN-NE-EE-SE) Vienna (EE-SE) Vilnius (SS-SW-WW) Warsaw (EE-SE) Yerevan (WW-NW) Zagreb (NE-EE-SE) Skopje
94%
Algiers (NN-NE) Amsterdam (NN-NE-EE-SE) Andorra la Vella (NN-NE) Ankara (NW-NN) Athens (NW-NN) Belgrade (NW-NN) Berlin (NW-NN-NE-EE) Bern (NN-NE) Bratislava (NW-NN-NE-EE) Brussels (NW-NN-NE-EE) Bucharest (NW-NN) Budapest (WW-NW-NN-NE) Chișinău (NW-NN) Copenhagen (NW-NN-NE-EE) Dublin (NE-EE) Helsinki (SS-SW-WW-NW) Kiev (WW-NW-NN-NE) Lisbon (NN-NE) Ljubljana (NW-NN-NE-EE) London (NN-NE-EE-SE) Luxembourg (NW-NN-NE-EE) Madrid (NN-NE) Minsk (WW-NW-NN-NE) Monaco (NN-NE) Moscow (SW-WW-NW-NN) Nicosia (NW-NN) Oslo (NE-EE-SE) Paris (NN-NE) Podgorica (NW-NN) Prague (NW-NN-NE-EE) Pristina (NW-NN) Reykjavík (EE-SE) Riga (SW-WW-NW-NN) Rome (NN-NE) San Marino (NN-NE) Sarajevo (NW-NN) Skopje (NW-NN) Sofia (NW-NN) Tallinn (SS-SW-WW-NW) Tbilisi (NW-NN) Tirana (NW-NN) Tripoli (NN-NE) Tunis (NN-NE) Vaduz (NW-NN-NE-EE) Valletta (NN-NE) Vatican City (NN-NE) Vienna (NW-NN-NE-EE) Vilnius (WW-NW-NN-NE) Warsaw (WW-NW-NN-NE) Yerevan (NW-NN) Zagreb (NN-NE) Stockholm
94%
Algiers (NN-NE-EE-SE) Amman (WW-NW) Amsterdam (EE-SE) Andorra la Vella (NE-EE-SE) Ankara (WW-NW) Athens (SW-WW-NW-NN) Baghdad (WW-NW) Beirut (WW-NW) Belgrade (SS-SW-WW-NW) Berlin (SS-SW-WW) Bern (EE-SE) Bratislava (SS-SW-WW) Brussels (EE-SE) Bucharest (SS-SW-WW-NW) Budapest (SS-SW-WW) Cairo (WW-NW) Chișinău (SS-SW-WW-NW) Copenhagen (SS-SW) Damascus (WW-NW) Dublin (EE-SE) Helsinki (SS-SW) Jerusalem (WW-NW) Kiev (SW-WW) Lisbon (NE-EE) Ljubljana (SS-SW-WW) London (EE-SE) Luxembourg (EE-SE) Madrid (NN-NE-EE-SE) Minsk (SS-SW) Monaco (NE-EE-SE) Moscow (SW-WW) Nicosia (WW-NW) Oslo (SE) Paris (NE-EE-SE) Podgorica (SS-SW-WW-NW) Prague (SS-SW-WW) Pristina (SS-SW-WW-NW) Rabat (NE-EE) Riga (SS-SW) Rome (any) San Marino (any) Sarajevo (SS-SW-WW-NW) Skopje (SS-SW-WW-NW) Sofia (SS-SW-WW-NW) Stockholm (SS-SW) Tallinn (SS-SW) Tbilisi (WW-NW) Tirana (SW-WW-NW-NN) Tripoli (WW-NW-NN-NE) Tunis (NW-NN-NE-EE) Vaduz (EE-SE) Valletta (WW-NW-NN-NE) Vienna (SS-SW-WW) Vilnius (SS-SW) Warsaw (SS-SW-WW) Yerevan (WW-NW) Zagreb (SS-SW-WW) Vatican City
94%
Algiers (NE-EE) Amman (NW-NN) Amsterdam (EE-SE) Andorra la Vella (NE-EE) Ankara (WW-NW-NN-NE) Ashgabat (WW-NW) Astana (SW-WW) Athens (NW-NN-NE-EE) Baghdad (NW-NN) Baku (WW-NW) Beirut (NW-NN) Belgrade (NN-NE-EE-SE) Berlin (NE-EE-SE) Bern (NE-EE) Bratislava (NN-NE-EE-SE) Brussels (EE-SE) Bucharest (NW-NN-NE-EE) Budapest (NN-NE-EE-SE) Cairo (NW-NN) Chișinău (NW-NN-NE-EE) Copenhagen (NE-EE-SE) Damascus (NW-NN) Dublin (EE-SE) Helsinki (EE-SE) Jerusalem (NW-NN) Kuwait City (NW-NN) Ljubljana (NN-NE-EE-SE) London (EE-SE) Luxembourg (NE-EE) Madrid (NE-EE) Minsk (EE-SE) Monaco (NE-EE) Moscow (SS-SW-WW) Nicosia (NW-NN) Oslo (EE-SE) Paris (NE-EE) Podgorica (NW-NN-NE-EE) Prague (NN-NE-EE-SE) Pristina (NW-NN-NE-EE) Riga (EE-SE) Rome (NE-EE) San Marino (NE-EE) Sarajevo (NN-NE-EE-SE) Skopje (NW-NN-NE-EE) Sofia (NW-NN-NE-EE) Stockholm (EE-SE) Tallinn (EE-SE) Tbilisi (SW-WW-NW-NN) Tehran (WW-NW) Tirana (NW-NN-NE-EE) Tripoli (NN-NE) Tunis (NE-EE) Vaduz (NE-EE) Valletta (NN-NE) Vatican City (NE-EE) Vienna (NN-NE-EE-SE) Vilnius (EE-SE) Warsaw (NE-EE-SE) Yerevan (NW-NN) Zagreb (NN-NE-EE-SE) Kiev
93%
Algiers (NN-NE) Amman (NW-NN) Amsterdam (NE-EE) Andorra la Vella (NE-EE) Ankara (NW-NN) Ashgabat (WW-NW) Astana (WW-NW) Athens (NN-NE) Baghdad (NW-NN) Baku (WW-NW) Beirut (NW-NN) Belgrade (NW-NN-NE-EE) Berlin (NN-NE-EE-SE) Bern (NE-EE) Bratislava (NN-NE-EE-SE) Brussels (NE-EE) Bucharest (NW-NN-NE-EE) Budapest (NW-NN-NE-EE) Cairo (NW-NN) Chișinău (WW-NW-NN-NE) Copenhagen (NE-EE-SE) Damascus (NW-NN) Dublin (NE-EE) Helsinki (EE-SE) Jerusalem (NW-NN) Kiev (WW-NW-NN-NE) Ljubljana (NN-NE-EE-SE) London (NE-EE) Luxembourg (NE-EE) Madrid (NE-EE) Monaco (NE-EE) Moscow (SS-SW-WW-NW) Nicosia (NW-NN) Oslo (NE-EE-SE) Paris (NE-EE) Podgorica (NW-NN-NE-EE) Prague (NN-NE-EE-SE) Pristina (NW-NN-NE-EE) Reykjavík (EE-SE) Riga (EE-SE) Rome (NN-NE) San Marino (NN-NE) Sarajevo (NW-NN-NE-EE) Skopje (NW-NN-NE-EE) Sofia (NW-NN-NE-EE) Stockholm (EE-SE) Tallinn (EE-SE) Tbilisi (NW-NN) Tehran (NW-NN) Tirana (NN-NE) Tripoli (NN-NE) Tunis (NN-NE) Vaduz (NN-NE-EE-SE) Valletta (NN-NE) Vatican City (NN-NE) Vienna (NN-NE-EE-SE) Vilnius (any) Warsaw (NN-NE-EE-SE) Yerevan (NW-NN) Zagreb (NW-NN-NE-EE) Minsk
93%
Algiers (NW-NN-NE-EE) Amman (WW-NW) Amsterdam (EE-SE) Andorra la Vella (NN-NE-EE-SE) Ankara (WW-NW) Athens (WW-NW) Beirut (WW-NW) Belgrade (SS-SW-WW-NW) Berlin (SS-SW-WW) Bern (SS-SW-WW) Bratislava (SS-SW-WW-NW) Brussels (EE-SE) Bucharest (SS-SW-WW-NW) Budapest (SS-SW-WW-NW) Cairo (WW-NW) Chișinău (SW-WW) Copenhagen (SS-SW-WW) Damascus (WW-NW) Dublin (EE-SE) Helsinki (SS-SW) Jerusalem (WW-NW) Kiev (SW-WW) Lisbon (NN-NE-EE-SE) Ljubljana (SS-SW-WW-NW) London (EE-SE) Luxembourg (EE-SE) Madrid (NN-NE-EE-SE) Minsk (SW-WW) Moscow (SW-WW) Nicosia (WW-NW) Oslo (SS-SW) Paris (EE-SE) Podgorica (SW-WW-NW-NN) Prague (SS-SW-WW) Pristina (SW-WW-NW-NN) Rabat (NE-EE) Reykjavík (SE) Riga (SS-SW) Rome (SW-WW-NW-NN) San Marino (SS-SW-WW-NW) Sarajevo (SS-SW-WW-NW) Skopje (SW-WW-NW-NN) Sofia (SW-WW-NW-NN) Stockholm (SS-SW) Tallinn (SS-SW) Tirana (SW-WW-NW-NN) Tripoli (WW-NW-NN-NE) Tunis (WW-NW-NN-NE) Vaduz (SS-SW-WW) Valletta (WW-NW-NN-NE) Vatican City (SW-WW-NW-NN) Vienna (SS-SW-WW-NW) Vilnius (SW-WW) Warsaw (SS-SW-WW-NW) Zagreb (SS-SW-WW-NW) Monaco
93%
Algiers (NE-EE) Amman (WW-NW) Amsterdam (SE) Andorra la Vella (NE-EE-SE) Ankara (SW-WW-NW-NN) Athens (WW-NW-NN-NE) Baghdad (WW-NW) Baku (WW-NW) Beirut (WW-NW) Belgrade (any) Berlin (EE-SE) Bern (NE-EE-SE) Bratislava (EE-SE) Brussels (NE-EE-SE) Bucharest (SS-SW-WW-NW) Budapest (EE-SE) Cairo (NW-NN) Chișinău (SS-SW-WW-NW) Copenhagen (SE) Damascus (WW-NW) Dublin (EE-SE) Helsinki (SS-SW) Jerusalem (WW-NW) Kiev (SS-SW-WW) Kuwait City (WW-NW) Lisbon (NE-EE) Ljubljana (EE-SE) London (EE-SE) Luxembourg (NE-EE-SE) Madrid (NE-EE) Minsk (SS-SW-WW) Monaco (NE-EE-SE) Moscow (SS-SW) Nicosia (SW-WW-NW-NN) Oslo (SE) Paris (NE-EE-SE) Prague (EE-SE) Pristina (any) Rabat (NE-EE) Riga (SS-SW) Rome (NN-NE-EE-SE) San Marino (NE-EE-SE) Sarajevo (any) Skopje (any) Sofia (SS-SW-WW-NW) Stockholm (SE) Tallinn (SS-SW) Tbilisi (WW-NW) Tehran (WW-NW) Tirana (any) Tripoli (NW-NN-NE-EE) Tunis (NN-NE-EE-SE) Vaduz (NE-EE-SE) Valletta (NW-NN-NE-EE) Vatican City (NN-NE-EE-SE) Vienna (EE-SE) Vilnius (SS-SW-WW) Warsaw (SS-SW-WW) Yerevan (WW-NW) Zagreb (EE-SE) Podgorica
93%
Algiers (NE-EE) Amman (WW-NW) Amsterdam (NE-EE-SE) Andorra la Vella (NN-NE-EE-SE) Ankara (SW-WW-NW-NN) Athens (WW-NW-NN-NE) Baghdad (WW-NW) Baku (WW-NW) Beirut (WW-NW) Belgrade (any) Berlin (EE-SE) Bern (NE-EE-SE) Bratislava (EE-SE) Brussels (NE-EE-SE) Bucharest (SS-SW-WW-NW) Budapest (SS-SW-WW) Cairo (NW-NN) Chișinău (SS-SW-WW-NW) Copenhagen (EE-SE) Damascus (WW-NW) Dublin (EE-SE) Helsinki (SS-SW) Jerusalem (WW-NW) Kiev (SS-SW-WW-NW) Lisbon (NE-EE) Ljubljana (NE-EE-SE) London (EE-SE) Luxembourg (NE-EE-SE) Madrid (NE-EE) Minsk (SS-SW-WW) Monaco (NN-NE-EE-SE) Moscow (SW-WW) Nicosia (WW-NW) Oslo (SE) Paris (NE-EE-SE) Podgorica (any) Prague (EE-SE) Pristina (any) Rabat (NE-EE) Riga (SS-SW) Rome (NN-NE-EE-SE) San Marino (NE-EE-SE) Skopje (SW-WW-NW-NN) Sofia (SW-WW-NW-NN) Stockholm (SE) Tallinn (SS-SW) Tbilisi (WW-NW) Tehran (WW-NW) Tirana (WW-NW-NN-NE) Tripoli (NW-NN-NE-EE) Tunis (NW-NN-NE-EE) Vaduz (NE-EE-SE) Valletta (NW-NN-NE-EE) Vatican City (NN-NE-EE-SE) Vienna (EE-SE) Vilnius (SS-SW-WW) Warsaw (SS-SW-WW) Yerevan (WW-NW) Zagreb (any) Sarajevo
93%
Algiers (NE-EE) Amman (WW-NW) Amsterdam (SE) Andorra la Vella (EE-SE) Ankara (SW-WW-NW-NN) Athens (WW-NW-NN-NE) Baghdad (WW-NW) Baku (WW-NW) Beirut (WW-NW) Belgrade (SS-SW-WW) Berlin (EE-SE) Bern (NE-EE-SE) Bratislava (EE-SE) Brussels (EE-SE) Bucharest (SS-SW-WW-NW) Budapest (EE-SE) Cairo (NW-NN) Chișinău (SS-SW-WW-NW) Copenhagen (SE) Damascus (WW-NW) Dublin (EE-SE) Helsinki (SS-SW) Jerusalem (WW-NW) Kiev (SS-SW-WW) Kuwait City (WW-NW) Lisbon (NE-EE) Ljubljana (EE-SE) London (EE-SE) Luxembourg (NE-EE-SE) Madrid (NE-EE) Minsk (SS-SW) Monaco (NE-EE-SE) Moscow (SS-SW) Nicosia (SW-WW-NW-NN) Oslo (SE) Paris (EE-SE) Podgorica (any) Prague (EE-SE) Pristina (any) Rabat (NE-EE) Riga (SS-SW) Rome (NE-EE-SE) San Marino (NE-EE-SE) Sarajevo (EE-SE) Skopje (any) Sofia (SS-SW-WW-NW) Stockholm (SE) Tallinn (SS-SW) Tbilisi (SW-WW) Tehran (WW-NW) Tripoli (NW-NN-NE-EE) Tunis (NN-NE-EE-SE) Vaduz (NE-EE-SE) Valletta (NW-NN-NE-EE) Vatican City (NE-EE-SE) Vienna (EE-SE) Vilnius (SS-SW) Warsaw (SS-SW-WW) Yerevan (WW-NW) Zagreb (EE-SE) Tirana
93%
Algiers (NN-NE) Amman (NW-NN) Amsterdam (NN-NE-EE-SE) Andorra la Vella (NE-EE) Ankara (NW-NN) Athens (NN-NE) Baghdad (NW-NN) Baku (WW-NW) Beirut (NW-NN) Belgrade (NW-NN-NE-EE) Berlin (NN-NE-EE-SE) Bern (NE-EE) Bratislava (NW-NN-NE-EE) Brussels (NN-NE-EE-SE) Bucharest (WW-NW-NN-NE) Budapest (NW-NN-NE-EE) Cairo (NW-NN) Chișinău (WW-NW-NN-NE) Copenhagen (NE-EE-SE) Damascus (NW-NN) Dublin (NE-EE) Helsinki (EE-SE) Jerusalem (NW-NN) Kiev (WW-NW-NN-NE) Ljubljana (NW-NN-NE-EE) London (NE-EE) Luxembourg (NN-NE-EE-SE) Madrid (NE-EE) Minsk (any) Monaco (NE-EE) Moscow (SS-SW-WW-NW) Nicosia (NW-NN) Oslo (NE-EE-SE) Paris (NE-EE) Podgorica (NW-NN-NE-EE) Prague (NN-NE-EE-SE) Pristina (NW-NN-NE-EE) Reykjavík (EE-SE) Riga (any) Rome (NN-NE) San Marino (NN-NE) Sarajevo (NW-NN-NE-EE) Skopje (NW-NN-NE-EE) Sofia (NW-NN-NE-EE) Stockholm (EE-SE) Tallinn (EE-SE) Tbilisi (NW-NN) Tehran (NW-NN) Tirana (NN-NE) Tripoli (NN-NE) Tunis (NN-NE) Vaduz (NN-NE-EE-SE) Valletta (NN-NE) Vatican City (NN-NE) Vienna (NW-NN-NE-EE) Warsaw (NN-NE-EE-SE) Yerevan (NW-NN) Zagreb (NW-NN-NE-EE) Vilnius
93%
Algiers (NN-NE) Andorra la Vella (NW-NN-NE-EE) Ankara (WW-NW) Athens (NW-NN) Belgrade (SW-WW-NW-NN) Berlin (SS-SW-WW-NW) Bern (WW-NW-NN-NE) Bratislava (SW-WW-NW-NN) Brussels (any) Bucharest (WW-NW) Budapest (SW-WW-NW-NN) Chișinău (WW-NW) Copenhagen (SS-SW-WW-NW) Dublin (NE-EE-SE) Helsinki (SW-WW) Kiev (WW-NW) Lisbon (NN-NE) Ljubljana (WW-NW-NN-NE) London (NN-NE-EE-SE) Luxembourg (WW-NW-NN-NE) Madrid (NW-NN-NE-EE) Minsk (SW-WW) Monaco (WW-NW-NN-NE) Moscow (SW-WW) Nicosia (WW-NW) Oslo (SS-SW-WW) Paris (NW-NN-NE-EE) Podgorica (NW-NN) Prague (SW-WW-NW-NN) Pristina (WW-NW) Rabat (NN-NE) Reykjavík (EE-SE) Riga (SS-SW-WW-NW) Rome (WW-NW-NN-NE) San Marino (WW-NW-NN-NE) Sarajevo (SW-WW-NW-NN) Skopje (WW-NW) Sofia (WW-NW) Stockholm (SS-SW-WW-NW) Tallinn (SS-SW-WW-NW) Tirana (NW-NN) Tripoli (NW-NN) Tunis (NW-NN) Vaduz (WW-NW-NN-NE) Valletta (NW-NN) Vatican City (WW-NW-NN-NE) Vienna (SW-WW-NW-NN) Vilnius (SS-SW-WW-NW) Warsaw (SW-WW-NW-NN) Zagreb (SW-WW-NW-NN) Amsterdam
92%
Algiers (WW-NW-NN-NE) Amsterdam (SS-SW-WW) Ankara (WW-NW) Athens (WW-NW) Belgrade (SW-WW) Berlin (SS-SW-WW) Bern (SS-SW-WW) Bratislava (SS-SW-WW-NW) Brussels (SS-SW-WW) Bucharest (SW-WW) Budapest (SS-SW-WW-NW) Cairo (WW-NW) Chișinău (SW-WW) Copenhagen (SS-SW) Dublin (EE-SE) Helsinki (SS-SW) Kiev (SW-WW) Lisbon (NN-NE-EE-SE) Ljubljana (SS-SW-WW-NW) London (EE-SE) Luxembourg (SS-SW-WW) Madrid (NN-NE-EE-SE) Minsk (SW-WW) Monaco (SS-SW-WW-NW) Moscow (SW-WW) Nicosia (WW-NW) Oslo (SS-SW) Paris (SS-SW-WW) Podgorica (SW-WW-NW-NN) Prague (SS-SW-WW-NW) Pristina (SW-WW) Rabat (NW-NN-NE-EE) Reykjavík (SE) Riga (SW-WW) Rome (SW-WW-NW-NN) San Marino (SS-SW-WW-NW) Sarajevo (SS-SW-WW-NW) Skopje (WW-NW) Sofia (SW-WW) Stockholm (SS-SW) Tallinn (SS-SW) Tirana (WW-NW) Tripoli (WW-NW-NN-NE) Tunis (SW-WW-NW-NN) Vaduz (SS-SW-WW-NW) Valletta (SW-WW-NW-NN) Vatican City (SW-WW-NW-NN) Vienna (SS-SW-WW-NW) Vilnius (SW-WW) Warsaw (SW-WW) Zagreb (SS-SW-WW-NW) Andorra la Vella
92%
Algiers (NN-NE) Amman (NW-NN) Amsterdam (NN-NE-EE-SE) Andorra la Vella (NE-EE) Ankara (NW-NN) Athens (NN-NE) Baku (WW-NW) Beirut (NW-NN) Belgrade (NW-NN-NE-EE) Berlin (NN-NE-EE-SE) Bern (NE-EE) Bratislava (NW-NN-NE-EE) Brussels (NN-NE-EE-SE) Bucharest (WW-NW-NN-NE) Budapest (NW-NN-NE-EE) Chișinău (WW-NW-NN-NE) Copenhagen (NN-NE-EE-SE) Damascus (NW-NN) Dublin (NE-EE) Helsinki (SS-SW-WW) Jerusalem (NW-NN) Kiev (WW-NW-NN-NE) Ljubljana (NW-NN-NE-EE) London (NE-EE) Luxembourg (NN-NE-EE-SE) Madrid (NE-EE) Minsk (WW-NW-NN-NE) Monaco (NN-NE) Moscow (SW-WW-NW-NN) Nicosia (NW-NN) Oslo (NE-EE-SE) Paris (NE-EE) Podgorica (NN-NE) Prague (NW-NN-NE-EE) Pristina (NN-NE) Reykjavík (EE-SE) Rome (NN-NE) San Marino (NN-NE) Sarajevo (NN-NE) Skopje (NN-NE) Sofia (NN-NE) Stockholm (NE-EE-SE) Tallinn (any) Tbilisi (NW-NN) Tirana (NN-NE) Tripoli (NN-NE) Tunis (NN-NE) Vaduz (NW-NN-NE-EE) Valletta (NN-NE) Vatican City (NN-NE) Vienna (NW-NN-NE-EE) Vilnius (any) Warsaw (NW-NN-NE-EE) Yerevan (NW-NN) Zagreb (NW-NN-NE-EE) Riga
92%
Abu Dhabi (WW-NW) Algiers (NE-EE) Amman (WW-NW-NN-NE) Amsterdam (EE-SE) Andorra la Vella (EE-SE) Ashgabat (WW-NW) Asmara (NW-NN) Athens (NN-NE-EE-SE) Baghdad (SW-WW-NW-NN) Baku (SS-SW-WW-NW) Beirut (WW-NW-NN-NE) Belgrade (NE-EE-SE) Berlin (EE-SE) Bern (EE-SE) Bratislava (EE-SE) Brussels (EE-SE) Bucharest (NE-EE-SE) Budapest (NE-EE-SE) Cairo (NW-NN-NE-EE) Chișinău (EE-SE) Copenhagen (SE) Damascus (WW-NW-NN-NE) Doha (WW-NW) Helsinki (SE) Jerusalem (WW-NW-NN-NE) Khartoum (NN-NE) Kiev (EE-SE) Kuwait City (WW-NW) Ljubljana (EE-SE) London (EE-SE) Luxembourg (EE-SE) Manama (WW-NW) Minsk (SE) Monaco (EE-SE) Moscow (SS-SW) Nicosia (WW-NW-NN-NE) Oslo (SE) Paris (EE-SE) Podgorica (NE-EE-SE) Prague (EE-SE) Pristina (NE-EE-SE) Riga (SE) Riyadh (NW-NN) Rome (EE-SE) San Marino (EE-SE) Sana'a (NW-NN) Sarajevo (NE-EE-SE) Skopje (NE-EE-SE) Sofia (NE-EE-SE) Stockholm (SE) Tallinn (SE) Tbilisi (SS-SW-WW-NW) Tehran (WW-NW) Tirana (NE-EE-SE) Tripoli (NE-EE) Tunis (NE-EE) Vaduz (EE-SE) Valletta (NE-EE) Vatican City (EE-SE) Vienna (EE-SE) Vilnius (SE) Warsaw (SE) Yerevan (SS-SW-WW-NW) Zagreb (EE-SE) Ankara
91%
Basseterre (SW-WW-NW-NN) Belmopan (NE-EE) Bogotá (NN-NE) Bridgetown (SW-WW-NW-NN) Caracas (WW-NW-NN-NE) Castries (SW-WW-NW-NN) Georgetown (WW-NW) Guatemala City (NE-EE) Havana (NE-EE-SE) Kingston (NN-NE-EE-SE) Kingstown (SW-WW-NW-NN) Managua (NE-EE) Mexico City (EE-SE) Nassau (EE-SE) Ottawa (SE) Panama City (NW-NN-NE-EE) Paramaribo (WW-NW) Port-of-Spain (SW-WW-NW-NN) Quito (NN-NE) Roseau (SW-WW-NW-NN) Saint George's (SW-WW-NW-NN) Saint John's (SW-WW-NW-NN) San José (NE-EE) San Salvador (NE-EE) Santo Domingo (any) Tegucigalpa (NE-EE) Washington D.C. (SE) Port-au-Prince
91%
Basseterre (SW-WW) Belmopan (EE-SE) Bogotá (WW-NW) Bridgetown (WW-NW) Caracas (WW-NW) Castries (WW-NW) Guatemala City (NE-EE-SE) Havana (SS-SW-WW) Kingston (SS-SW-WW-NW) Kingstown (WW-NW) Managua (any) Mexico City (NE-EE-SE) Nassau (SS-SW) Panama City (SW-WW-NW-NN) Port-au-Prince (SW-WW) Port-of-Spain (WW-NW) Quito (NW-NN) Roseau (SW-WW) Saint George's (WW-NW) Saint John's (SW-WW) San José (WW-NW-NN-NE) San Salvador (any) Santo Domingo (SW-WW) Washington D.C. (SS-SW) Tegucigalpa
91%
Basseterre (SW-WW) Bogotá (WW-NW) Caracas (WW-NW) Castries (WW-NW) Guatemala City (NW-NN-NE-EE) Havana (SS-SW-WW-NW) Kingston (SS-SW-WW-NW) Kingstown (WW-NW) Managua (WW-NW-NN-NE) Mexico City (NE-EE-SE) Nassau (SS-SW-WW-NW) Panama City (SW-WW-NW-NN) Port-au-Prince (SW-WW) Quito (NW-NN) Roseau (WW-NW) Saint George's (WW-NW) Saint John's (WW-NW) San José (WW-NW-NN-NE) San Salvador (NW-NN-NE-EE) Santo Domingo (SW-WW) Tegucigalpa (WW-NW-NN-NE) Washington D.C. (SS-SW) Belmopan
90%
Basseterre (SW-WW) Belmopan (SS-SW-WW) Bogotá (WW-NW) Caracas (WW-NW) Havana (SS-SW-WW) Kingston (SW-WW) Managua (SW-WW-NW-NN) Mexico City (NE-EE-SE) Nassau (SW-WW) Panama City (SW-WW-NW-NN) Port-au-Prince (SW-WW) Quito (NW-NN) San José (SW-WW-NW-NN) San Salvador (any) Santo Domingo (SW-WW) Tegucigalpa (SW-WW-NW-NN) Washington D.C. (SS-SW) Guatemala City
90%
Basseterre (WW-NW) Belmopan (NN-NE-EE-SE) Bogotá (NW-NN) Bridgetown (WW-NW) Caracas (WW-NW) Castries (WW-NW) Guatemala City (NW-NN-NE-EE) Kingston (SW-WW-NW-NN) Kingstown (WW-NW) Managua (NW-NN-NE-EE) Mexico City (NE-EE) Nassau (SS-SW-WW-NW) Ottawa (SS-SW) Panama City (NW-NN) Port-au-Prince (SW-WW-NW-NN) Port-of-Spain (WW-NW) Quito (NW-NN) Roseau (WW-NW) Saint George's (WW-NW) Saint John's (WW-NW) San José (NW-NN-NE-EE) San Salvador (NW-NN-NE-EE) Santo Domingo (SW-WW-NW-NN) Tegucigalpa (NW-NN-NE-EE) Washington D.C. (SS-SW) Havana
90%
Basseterre (SW-WW-NW-NN) Belmopan (NN-NE-EE-SE) Bogotá (NW-NN) Bridgetown (WW-NW) Caracas (SW-WW-NW-NN) Castries (WW-NW) Georgetown (WW-NW) Guatemala City (NE-EE) Havana (NE-EE-SE) Kingstown (WW-NW) Managua (NN-NE-EE-SE) Mexico City (EE-SE) Nassau (EE-SE) Panama City (NW-NN-NE-EE) Paramaribo (WW-NW) Port-au-Prince (SS-SW-WW-NW) Port-of-Spain (WW-NW) Quito (NN-NE) Roseau (WW-NW) Saint George's (WW-NW) Saint John's (WW-NW) San José (NW-NN-NE-EE) San Salvador (NN-NE-EE-SE) Santo Domingo (SS-SW-WW-NW) Tegucigalpa (NN-NE-EE-SE) Washington D.C. (SE) Kingston
90%
Abu Dhabi (WW-NW) Addis Ababa (NW-NN) Algiers (EE-SE) Amman (WW-NW-NN-NE) Amsterdam (EE-SE) Andorra la Vella (EE-SE) Ankara (EE-SE) Ashgabat (SW-WW) Asmara (NW-NN) Athens (NE-EE-SE) Baghdad (SW-WW-NW-NN) Baku (SW-WW) Beirut (any) Belgrade (EE-SE) Berlin (SE) Bern (EE-SE) Bratislava (SE) Brussels (EE-SE) Bucharest (EE-SE) Budapest (SE) Cairo (NW-NN-NE-EE) Chișinău (EE-SE) Copenhagen (SE) Damascus (SW-WW-NW-NN) Djibouti (NW-NN) Doha (WW-NW) Helsinki (SE) Jerusalem (WW-NW-NN-NE) Khartoum (NN-NE) Kiev (SE) Kuwait City (WW-NW) Ljubljana (EE-SE) Luxembourg (EE-SE) Manama (WW-NW) Minsk (SE) Monaco (EE-SE) Moscow (SS-SW) Muscat (WW-NW) Paris (EE-SE) Podgorica (NE-EE-SE) Prague (SE) Pristina (NE-EE-SE) Riga (SE) Riyadh (WW-NW) Rome (EE-SE) San Marino (EE-SE) Sana'a (NW-NN) Sarajevo (EE-SE) Skopje (NE-EE-SE) Sofia (NE-EE-SE) Stockholm (SE) Tallinn (SE) Tbilisi (SS-SW-WW-NW) Tehran (SW-WW) Tirana (NE-EE-SE) Tripoli (NE-EE) Tunis (EE-SE) Vaduz (EE-SE) Valletta (EE-SE) Vatican City (EE-SE) Vienna (SE) Vilnius (SE) Warsaw (SE) Yerevan (SS-SW-WW-NW) Zagreb (EE-SE) Nicosia
90%
Algiers (NN-NE) Amsterdam (NN-NE-EE-SE) Andorra la Vella (NN-NE) Ankara (NW-NN) Athens (NN-NE) Baku (NW-NN) Beirut (NW-NN) Belgrade (NN-NE) Berlin (NW-NN-NE-EE) Bern (NN-NE) Bratislava (NW-NN-NE-EE) Brussels (NE-EE) Bucharest (NW-NN) Budapest (NW-NN-NE-EE) Chișinău (WW-NW-NN-NE) Copenhagen (NN-NE-EE-SE) Dublin (NE-EE) Helsinki (any) Kiev (WW-NW-NN-NE) Ljubljana (NN-NE) London (NE-EE) Luxembourg (NE-EE) Madrid (NN-NE) Minsk (WW-NW-NN-NE) Monaco (NN-NE) Moscow (SW-WW-NW-NN) Nicosia (NW-NN) Oslo (NE-EE-SE) Paris (NE-EE) Podgorica (NN-NE) Prague (NW-NN-NE-EE) Pristina (NN-NE) Reykjavík (EE-SE) Riga (any) Rome (NN-NE) San Marino (NN-NE) Sarajevo (NN-NE) Skopje (NN-NE) Sofia (NN-NE) Stockholm (NN-NE-EE-SE) Tbilisi (NW-NN) Tirana (NN-NE) Tunis (NN-NE) Vaduz (NN-NE) Valletta (NN-NE) Vatican City (NN-NE) Vienna (NW-NN-NE-EE) Vilnius (WW-NW-NN-NE) Warsaw (NW-NN-NE-EE) Yerevan (NW-NN) Zagreb (NN-NE) Tallinn
90%
Algiers (NN-NE-EE-SE) Amman (WW-NW) Amsterdam (SE) Andorra la Vella (NE-EE-SE) Ankara (SW-WW) Athens (SS-SW-WW-NW) Beirut (WW-NW) Belgrade (SS-SW-WW) Berlin (SS-SW) Bern (EE-SE) Bratislava (SS-SW-WW) Brussels (SE) Bucharest (SW-WW) Budapest (SS-SW-WW) Cairo (WW-NW) Chișinău (SW-WW) Copenhagen (SS-SW) Damascus (WW-NW) Dublin (SE) Helsinki (SS-SW) Jerusalem (WW-NW) Kiev (SW-WW) Lisbon (EE-SE) Ljubljana (SS-SW-WW) London (SE) Luxembourg (EE-SE) Madrid (NE-EE-SE) Minsk (SS-SW) Monaco (EE-SE) Moscow (SS-SW) N'Djamena (NW-NN) Niamey (NN-NE) Nicosia (WW-NW) Oslo (SS-SW) Ouagadougou (NN-NE) Paris (EE-SE) Podgorica (SS-SW-WW-NW) Prague (SS-SW) Pristina (SS-SW-WW-NW) Rabat (NE-EE) Riga (SS-SW) Rome (SS-SW-WW) San Marino (SS-SW-WW) Sarajevo (SS-SW-WW) Skopje (SS-SW-WW-NW) Sofia (SS-SW-WW-NW) Stockholm (SS-SW) Tallinn (SS-SW) Tirana (SS-SW-WW-NW) Tripoli (WW-NW-NN-NE) Vaduz (EE-SE) Valletta (SW-WW-NW-NN) Vatican City (SS-SW-WW) Vienna (SS-SW-WW) Vilnius (SS-SW) Warsaw (SS-SW) Zagreb (SS-SW-WW) Tunis
90%
Algiers (NE-EE-SE) Amman (WW-NW) Amsterdam (SE) Andorra la Vella (NE-EE-SE) Ankara (SW-WW) Athens (SS-SW-WW-NW) Baghdad (WW-NW) Beirut (WW-NW) Belgrade (SS-SW-WW) Berlin (SE) Bern (EE-SE) Bratislava (SS-SW-WW) Brussels (SE) Bucharest (SS-SW-WW-NW) Budapest (SS-SW-WW) Cairo (WW-NW) Chișinău (SS-SW) Copenhagen (SE) Damascus (WW-NW) Dublin (SE) Helsinki (SS-SW) Jerusalem (WW-NW) Khartoum (NW-NN) Kiev (SS-SW) Lisbon (EE-SE) Ljubljana (EE-SE) London (SE) Luxembourg (SE) Madrid (EE-SE) Minsk (SS-SW) Monaco (EE-SE) Moscow (SS-SW) N'Djamena (NW-NN) Niamey (NN-NE) Nicosia (WW-NW) Oslo (SE) Paris (SE) Podgorica (SS-SW-WW) Prague (SE) Pristina (SS-SW-WW) Rabat (NE-EE) Riga (SS-SW) Rome (EE-SE) San Marino (EE-SE) Sarajevo (SS-SW-WW) Skopje (SS-SW-WW) Sofia (SS-SW-WW-NW) Stockholm (SS-SW) Tallinn (SS-SW) Tbilisi (SW-WW) Tirana (SS-SW-WW) Tripoli (NW-NN-NE-EE) Tunis (NE-EE-SE) Vaduz (EE-SE) Vatican City (EE-SE) Vienna (SS-SW-WW) Vilnius (SS-SW) Warsaw (SS-SW) Yerevan (SW-WW) Zagreb (SS-SW-WW) Valletta
90%
Amsterdam (SS-SW) Andorra la Vella (EE-SE) Ankara (SW-WW) Athens (SW-WW) Bamako (NN-NE) Beirut (WW-NW) Belgrade (SW-WW) Berlin (SS-SW) Bern (SS-SW-WW) Bratislava (SS-SW) Brussels (SS-SW) Bucharest (SW-WW) Budapest (SW-WW) Cairo (WW-NW) Chișinău (SW-WW) Copenhagen (SS-SW) Dublin (SE) Jerusalem (WW-NW) Kiev (SW-WW) Lisbon (NE-EE-SE) Ljubljana (SS-SW-WW) London (SE) Luxembourg (SS-SW-WW) Madrid (NE-EE-SE) Minsk (SS-SW) Monaco (SS-SW-WW) N'Djamena (NW-NN) Niamey (NN-NE) Nicosia (WW-NW) Nouakchott (NN-NE) Oslo (SS-SW) Ouagadougou (NN-NE) Paris (EE-SE) Podgorica (SW-WW) Prague (SS-SW) Pristina (SW-WW) Rabat (NN-NE-EE-SE) Riga (SS-SW) Rome (SS-SW-WW-NW) San Marino (SS-SW-WW) Sarajevo (SW-WW) Skopje (SW-WW) Sofia (SW-WW) Stockholm (SS-SW) Tallinn (SS-SW) Tirana (SW-WW) Tripoli (SW-WW-NW-NN) Tunis (SS-SW-WW-NW) Vaduz (SS-SW-WW) Valletta (SW-WW-NW-NN) Vatican City (SS-SW-WW-NW) Vienna (SS-SW) Vilnius (SS-SW) Warsaw (SS-SW) Zagreb (SS-SW-WW-NW) Algiers
89%
Algiers (SW-WW-NW-NN) Amsterdam (SS-SW-WW) Andorra la Vella (SS-SW-WW-NW) Athens (WW-NW) Belgrade (SW-WW) Berlin (SS-SW) Bern (SS-SW-WW-NW) Bratislava (SW-WW) Brussels (SS-SW-WW) Bucharest (SW-WW) Budapest (SW-WW) Chișinău (SW-WW) Copenhagen (SS-SW) Dublin (EE-SE) Helsinki (SS-SW) Kiev (SW-WW) Lisbon (NN-NE-EE-SE) Ljubljana (SW-WW) London (SS-SW-WW) Luxembourg (SS-SW-WW) Minsk (SW-WW) Monaco (SS-SW-WW-NW) Nouakchott (NN-NE) Oslo (SS-SW) Paris (SS-SW-WW) Podgorica (SW-WW) Prague (SW-WW) Pristina (SW-WW) Rabat (NW-NN-NE-EE) Reykjavík (SE) Riga (SW-WW) Rome (SS-SW-WW-NW) San Marino (SS-SW-WW-NW) Sarajevo (SW-WW) Skopje (SW-WW) Sofia (SW-WW) Stockholm (SS-SW) Tallinn (SS-SW) Tirana (SW-WW) Tripoli (WW-NW) Tunis (SW-WW-NW-NN) Vaduz (SS-SW-WW-NW) Valletta (WW-NW) Vatican City (SS-SW-WW-NW) Vienna (SW-WW) Vilnius (SW-WW) Warsaw (SW-WW) Zagreb (SW-WW) Madrid
89%
Abu Dhabi (WW-NW) Addis Ababa (NW-NN) Ankara (EE-SE) Ashgabat (SW-WW) Asmara (NW-NN) Athens (NE-EE-SE) Baghdad (SS-SW-WW-NW) Baku (SW-WW) Beirut (any) Belgrade (SE) Berlin (SE) Bern (EE-SE) Bratislava (SE) Bucharest (SE) Budapest (SE) Cairo (NN-NE-EE-SE) Chișinău (SE) Damascus (any) Djibouti (NW-NN) Doha (WW-NW) Jerusalem (any) Khartoum (NN-NE) Kiev (SE) Kuwait City (SW-WW-NW-NN) Ljubljana (EE-SE) Manama (WW-NW) Minsk (SE) Monaco (EE-SE) Moscow (SS-SW) Muscat (WW-NW) Nicosia (EE-SE) Podgorica (EE-SE) Prague (SE) Pristina (EE-SE) Riga (SE) Riyadh (SW-WW-NW-NN) Rome (EE-SE) San Marino (EE-SE) Sana'a (NW-NN) Sarajevo (EE-SE) Skopje (EE-SE) Sofia (SE) Tbilisi (SS-SW-WW) Tehran (SS-SW-WW-NW) Tirana (EE-SE) Tripoli (EE-SE) Tunis (EE-SE) Vaduz (EE-SE) Valletta (EE-SE) Vatican City (EE-SE) Vienna (SE) Vilnius (SE) Warsaw (SE) Yerevan (SS-SW-WW) Zagreb (EE-SE) Amman
88%
Abu Dhabi (WW-NW) Addis Ababa (NW-NN) Algiers (EE-SE) Amman (any) Ankara (EE-SE) Ashgabat (SW-WW) Asmara (NW-NN) Athens (NE-EE-SE) Baghdad (SW-WW-NW-NN) Baku (SS-SW-WW-NW) Belgrade (EE-SE) Berlin (SE) Bern (EE-SE) Bratislava (SE) Bucharest (EE-SE) Budapest (SE) Cairo (NW-NN-NE-EE) Chișinău (SE) Copenhagen (SE) Damascus (any) Djibouti (NW-NN) Doha (WW-NW) Jerusalem (any) Khartoum (NN-NE) Kiev (SE) Kuwait City (SW-WW-NW-NN) Ljubljana (EE-SE) Luxembourg (EE-SE) Manama (WW-NW) Minsk (SE) Monaco (EE-SE) Moscow (SS-SW) Muscat (WW-NW) Nicosia (any) Podgorica (EE-SE) Prague (SE) Pristina (EE-SE) Riga (SE) Riyadh (SW-WW-NW-NN) Rome (EE-SE) San Marino (EE-SE) Sana'a (NW-NN) Sarajevo (EE-SE) Skopje (EE-SE) Sofia (NE-EE-SE) Tallinn (SE) Tbilisi (SS-SW-WW) Tehran (SS-SW-WW-NW) Tirana (EE-SE) Tripoli (NE-EE) Tunis (EE-SE) Vaduz (EE-SE) Valletta (EE-SE) Vatican City (EE-SE) Vienna (EE-SE) Vilnius (SE) Warsaw (SE) Yerevan (SS-SW-WW-NW) Zagreb (EE-SE) Beirut
88%
Abu Dhabi (WW-NW) Addis Ababa (NW-NN) Amman (any) Ankara (EE-SE) Ashgabat (SW-WW) Asmara (NW-NN) Athens (NE-EE-SE) Baghdad (SW-WW-NW-NN) Baku (SS-SW-WW-NW) Beirut (any) Belgrade (EE-SE) Berlin (SE) Bern (EE-SE) Bratislava (SE) Bucharest (EE-SE) Budapest (SE) Cairo (NN-NE-EE-SE) Chișinău (SE) Djibouti (NW-NN) Doha (WW-NW) Dushanbe (SW-WW) Jerusalem (any) Khartoum (NN-NE) Kiev (SE) Kuwait City (SW-WW-NW-NN) Ljubljana (EE-SE) Manama (WW-NW) Minsk (SE) Monaco (EE-SE) Moscow (SS-SW) Muscat (WW-NW) Nicosia (NE-EE-SE) Podgorica (EE-SE) Prague (SE) Pristina (EE-SE) Riga (SE) Riyadh (SW-WW-NW-NN) Rome (EE-SE) San Marino (EE-SE) Sana'a (NW-NN) Sarajevo (EE-SE) Skopje (EE-SE) Sofia (EE-SE) Tbilisi (SS-SW-WW) Tehran (SS-SW-WW-NW) Tirana (EE-SE) Tripoli (NE-EE) Tunis (EE-SE) Vaduz (EE-SE) Valletta (EE-SE) Vatican City (EE-SE) Vienna (EE-SE) Vilnius (SE) Warsaw (SE) Yerevan (SS-SW-WW) Zagreb (EE-SE) Damascus
88%
Antananarivo (SW-WW) Brazzaville (SE) Bujumbura (SS-SW) Dodoma (SS-SW) Harare (SS-SW-WW) Kampala (SS-SW) Kigali (SS-SW) Kinshasa (SE) Lilongwe (SS-SW-WW) Luanda (SE) Lusaka (SS-SW-WW) Maputo (SW-WW-NW-NN) Maseru (WW-NW-NN-NE) Mbabane (SW-WW-NW-NN) Moroni (SW-WW) Nairobi (SS-SW) Pretoria (any) Windhoek (NE-EE-SE) Gaborone
88%
Antananarivo (WW-NW) Bangui (SE) Brazzaville (EE-SE) Bujumbura (SE) Dodoma (SS-SW-WW) Gaborone (NW-NN-NE-EE) Juba (SS-SW) Kampala (SS-SW) Kigali (SE) Kinshasa (EE-SE) Lilongwe (SS-SW-WW) Luanda (EE-SE) Lusaka (NE-EE-SE) Maputo (WW-NW-NN-NE) Maseru (NW-NN-NE-EE) Mbabane (WW-NW-NN-NE) Mogadishu (SS-SW) Moroni (SS-SW-WW-NW) Nairobi (SS-SW) Port Louis (WW-NW) Pretoria (NW-NN-NE-EE) Windhoek (NE-EE) Harare
88%
Amsterdam (NE-EE) Andorra la Vella (NN-NE) Ankara (NW-NN) Athens (NN-NE) Baku (NW-NN) Belgrade (NN-NE) Berlin (NW-NN-NE-EE) Bern (NN-NE) Bratislava (NW-NN-NE-EE) Brussels (NE-EE) Bucharest (NW-NN) Budapest (NW-NN-NE-EE) Chișinău (WW-NW-NN-NE) Copenhagen (NN-NE-EE-SE) Dublin (NE-EE) Kiev (WW-NW-NN-NE) Ljubljana (NN-NE) London (NE-EE) Luxembourg (NE-EE) Madrid (NN-NE) Minsk (WW-NW-NN-NE) Monaco (NN-NE) Moscow (SW-WW-NW-NN) Nicosia (NW-NN) Oslo (NN-NE-EE-SE) Paris (NE-EE) Podgorica (NN-NE) Prague (NW-NN-NE-EE) Pristina (NN-NE) Reykjavík (EE-SE) Riga (NW-NN-NE-EE) Rome (NN-NE) San Marino (NN-NE) Sarajevo (NN-NE) Skopje (NN-NE) Sofia (NN-NE) Stockholm (NN-NE-EE-SE) Tallinn (any) Tbilisi (NW-NN) Tirana (NN-NE) Tunis (NN-NE) Vaduz (NN-NE) Valletta (NN-NE) Vatican City (NN-NE) Vienna (NW-NN-NE-EE) Vilnius (WW-NW-NN-NE) Warsaw (NW-NN-NE-EE) Yerevan (NW-NN) Zagreb (NN-NE) Helsinki
88%
Abu Dhabi (WW-NW) Addis Ababa (NW-NN) Algiers (EE-SE) Amman (any) Ankara (EE-SE) Ashgabat (SW-WW) Asmara (NW-NN) Athens (NE-EE-SE) Baghdad (SS-SW-WW-NW) Baku (SW-WW) Beirut (any) Belgrade (SE) Berlin (SE) Bern (EE-SE) Bratislava (SE) Bucharest (SE) Budapest (SE) Cairo (NN-NE-EE-SE) Chișinău (SE) Damascus (any) Djibouti (NW-NN) Doha (WW-NW) Khartoum (NN-NE) Kiev (SE) Kuwait City (SW-WW-NW-NN) Ljubljana (EE-SE) Manama (WW-NW) Minsk (SE) Monaco (EE-SE) Moscow (SS-SW) Muscat (WW-NW) Nicosia (EE-SE) Podgorica (EE-SE) Prague (SE) Pristina (EE-SE) Riga (SE) Riyadh (SW-WW-NW-NN) Rome (EE-SE) San Marino (EE-SE) Sana'a (NW-NN) Sarajevo (EE-SE) Skopje (EE-SE) Sofia (SE) Tbilisi (SS-SW-WW) Tehran (SW-WW) Tirana (EE-SE) Tripoli (EE-SE) Tunis (EE-SE) Vaduz (EE-SE) Valletta (EE-SE) Vatican City (EE-SE) Vienna (SE) Vilnius (SE) Warsaw (SE) Yerevan (SS-SW-WW) Zagreb (EE-SE) Jerusalem
88%
Abuja (EE-SE) Addis Ababa (SS-SW-WW) Antananarivo (NW-NN) Asmara (SS-SW) Bangui (EE-SE) Brazzaville (NE-EE) Bujumbura (NW-NN-NE-EE) Djibouti (SS-SW) Dodoma (WW-NW-NN-NE) Gaborone (NN-NE) Harare (NN-NE) Juba (EE-SE) Khartoum (SE) Kigali (NN-NE-EE-SE) Kinshasa (NE-EE) Libreville (EE-SE) Lilongwe (NW-NN) Luanda (NE-EE) Lusaka (NN-NE) Malabo (EE-SE) Maputo (NW-NN) Mbabane (NN-NE) Mogadishu (SS-SW-WW-NW) Moroni (NW-NN) Nairobi (SW-WW-NW-NN) N'Djamena (EE-SE) Pretoria (NN-NE) Sana'a (SS-SW) São Tomé (EE-SE) Victoria (WW-NW) Yaoundé (EE-SE) Kampala
88%
Addis Ababa (SS-SW) Antananarivo (WW-NW) Bangui (SE) Brazzaville (EE-SE) Bujumbura (EE-SE) Dodoma (SS-SW-WW) Gaborone (NW-NN-NE-EE) Harare (NW-NN-NE-EE) Juba (SE) Kampala (SE) Kigali (EE-SE) Kinshasa (EE-SE) Luanda (EE-SE) Lusaka (NN-NE-EE-SE) Maputo (NW-NN-NE-EE) Maseru (NN-NE) Mbabane (NW-NN-NE-EE) Mogadishu (SS-SW) Moroni (SS-SW-WW-NW) Nairobi (SS-SW-WW) Port Louis (WW-NW) Pretoria (NW-NN-NE-EE) Victoria (SW-WW) Windhoek (NE-EE) Lilongwe
88%
Addis Ababa (SS-SW) Antananarivo (WW-NW) Bangui (SE) Brazzaville (EE-SE) Bujumbura (SS-SW-WW) Dodoma (SS-SW-WW) Gaborone (NW-NN-NE-EE) Harare (SW-WW-NW-NN) Juba (SS-SW) Kampala (SS-SW) Kigali (SS-SW) Kinshasa (EE-SE) Libreville (EE-SE) Lilongwe (SS-SW-WW-NW) Luanda (EE-SE) Maputo (WW-NW-NN-NE) Maseru (NN-NE) Mbabane (WW-NW-NN-NE) Mogadishu (SS-SW) Moroni (SW-WW) Nairobi (SS-SW) Pretoria (NW-NN-NE-EE) São Tomé (EE-SE) Windhoek (NN-NE-EE-SE) Yaoundé (SE) Lusaka
88%
Algiers (NN-NE) Amsterdam (NW-NN-NE-EE) Andorra la Vella (NN-NE) Ankara (NW-NN) Athens (NW-NN) Belgrade (NW-NN) Berlin (WW-NW-NN-NE) Bern (NW-NN-NE-EE) Bratislava (WW-NW-NN-NE) Brussels (NW-NN-NE-EE) Bucharest (NW-NN) Budapest (WW-NW-NN-NE) Chișinău (NW-NN) Copenhagen (WW-NW-NN-NE) Dublin (NN-NE-EE-SE) Helsinki (SS-SW-WW-NW) Kiev (WW-NW) Lisbon (NN-NE) Ljubljana (NW-NN) London (NW-NN-NE-EE) Luxembourg (NW-NN-NE-EE) Madrid (NN-NE) Minsk (SW-WW-NW-NN) Monaco (NN-NE) Moscow (WW-NW) Paris (NW-NN-NE-EE) Podgorica (NW-NN) Prague (WW-NW-NN-NE) Pristina (NW-NN) Reykjavík (EE-SE) Riga (SW-WW-NW-NN) Rome (NW-NN) San Marino (NW-NN) Sarajevo (NW-NN) Skopje (NW-NN) Sofia (NW-NN) Stockholm (SW-WW-NW-NN) Tallinn (SW-WW-NW-NN) Tirana (NW-NN) Tunis (NN-NE) Vaduz (NW-NN-NE-EE) Valletta (NW-NN) Vatican City (NW-NN) Vienna (WW-NW-NN-NE) Vilnius (SW-WW-NW-NN) Warsaw (WW-NW-NN-NE) Zagreb (NW-NN) Oslo
88%
Antananarivo (SW-WW) Brazzaville (SE) Bujumbura (SS-SW) Dodoma (SS-SW) Gaborone (any) Harare (SS-SW-WW) Kampala (SS-SW) Kigali (SS-SW) Kinshasa (SE) Lilongwe (SS-SW-WW) Luanda (SE) Lusaka (SS-SW-WW) Maputo (SW-WW-NW-NN) Maseru (NW-NN-NE-EE) Mbabane (SW-WW-NW-NN) Moroni (SW-WW) Nairobi (SS-SW) Windhoek (NE-EE-SE) Pretoria
88%
Belmopan (NE-EE) Bogotá (NN-NE) Bridgetown (WW-NW-NN-NE) Caracas (NW-NN-NE-EE) Castries (WW-NW-NN-NE) Georgetown (WW-NW-NN-NE) Guatemala City (NE-EE) Havana (EE-SE) Kingston (NE-EE-SE) Kingstown (WW-NW-NN-NE) Managua (NE-EE) Nassau (EE-SE) Panama City (NE-EE) Paramaribo (NW-NN) Port-au-Prince (NE-EE-SE) Port-of-Spain (WW-NW-NN-NE) Quito (NN-NE) Roseau (any) Saint George's (WW-NW-NN-NE) Saint John's (any) San José (NE-EE) San Salvador (NE-EE) Santo Domingo (NE-EE-SE) Tegucigalpa (NE-EE) Washington D.C. (SE) Basseterre
87%
Abuja (EE-SE) Addis Ababa (SS-SW) Antananarivo (WW-NW) Asmara (SS-SW) Bangui (NE-EE-SE) Brazzaville (NE-EE) Djibouti (SS-SW) Dodoma (SW-WW-NW-NN) Gaborone (NN-NE) Harare (NW-NN) Juba (SS-SW-WW) Kampala (SS-SW-WW) Khartoum (SS-SW) Kigali (any) Kinshasa (NE-EE) Libreville (EE-SE) Lilongwe (WW-NW-NN-NE) Luanda (NE-EE) Lusaka (NW-NN-NE-EE) Malabo (EE-SE) Maputo (NW-NN) Maseru (NN-NE) Mbabane (NW-NN) Mogadishu (SW-WW) Moroni (WW-NW) Nairobi (SS-SW-WW-NW) N'Djamena (SE) Pretoria (NN-NE) Sana'a (SS-SW) São Tomé (EE-SE) Victoria (WW-NW) Windhoek (NN-NE) Yaoundé (EE-SE) Bujumbura
87%
Algiers (NW-NN) Amsterdam (SW-WW-NW-NN) Andorra la Vella (WW-NW-NN-NE) Athens (WW-NW) Belgrade (WW-NW) Berlin (SW-WW-NW-NN) Bern (SW-WW-NW-NN) Bratislava (WW-NW) Brussels (SW-WW-NW-NN) Bucharest (WW-NW) Budapest (WW-NW) Chișinău (WW-NW) Copenhagen (SS-SW-WW-NW) Helsinki (SW-WW) Kiev (WW-NW) Lisbon (NN-NE) Ljubljana (WW-NW) London (SW-WW-NW-NN) Luxembourg (SW-WW-NW-NN) Madrid (WW-NW-NN-NE) Minsk (SW-WW) Monaco (WW-NW-NN-NE) Moscow (SW-WW) Oslo (SS-SW-WW-NW) Paris (SW-WW-NW-NN) Podgorica (WW-NW) Prague (SW-WW-NW-NN) Pristina (WW-NW) Rabat (NN-NE) Reykjavík (EE-SE) Riga (SW-WW) Rome (WW-NW) San Marino (WW-NW) Sarajevo (WW-NW) Skopje (WW-NW) Sofia (WW-NW) Stockholm (SW-WW) Tallinn (SW-WW) Tirana (WW-NW) Tripoli (NW-NN) Tunis (NW-NN) Vaduz (SW-WW-NW-NN) Valletta (NW-NN) Vatican City (WW-NW) Vienna (WW-NW) Vilnius (SW-WW) Warsaw (WW-NW) Zagreb (WW-NW) Dublin
87%
Abuja (EE-SE) Addis Ababa (SS-SW) Antananarivo (WW-NW) Asmara (SS-SW) Bangui (NE-EE-SE) Brazzaville (NE-EE) Bujumbura (any) Djibouti (SS-SW) Dodoma (SW-WW-NW-NN) Gaborone (NN-NE) Harare (NW-NN) Juba (SS-SW-WW) Kampala (SS-SW-WW-NW) Khartoum (SS-SW) Kinshasa (NE-EE) Libreville (EE-SE) Lilongwe (WW-NW-NN-NE) Luanda (NE-EE) Lusaka (NN-NE) Malabo (EE-SE) Maputo (NW-NN) Mbabane (NW-NN) Mogadishu (SW-WW) Moroni (WW-NW) Nairobi (SS-SW-WW-NW) N'Djamena (EE-SE) Pretoria (NN-NE) Sana'a (SS-SW) São Tomé (EE-SE) Victoria (WW-NW) Windhoek (NN-NE) Yaoundé (EE-SE) Kigali
87%
Amman (NN-NE) Amsterdam (NE-EE) Andorra la Vella (NE-EE) Ankara (NN-NE) Ashgabat (NW-NN) Astana (WW-NW) Athens (NN-NE) Baghdad (NW-NN) Baku (NW-NN) Beirut (NN-NE) Belgrade (NN-NE) Berlin (NE-EE) Bern (NE-EE) Bishkek (WW-NW) Bratislava (NE-EE) Brussels (NE-EE) Bucharest (NN-NE) Budapest (NE-EE) Cairo (NN-NE) Chișinău (NW-NN-NE-EE) Copenhagen (NE-EE) Damascus (NN-NE) Dublin (NE-EE) Dushanbe (WW-NW) Helsinki (NE-EE-SE) Jerusalem (NN-NE) Kiev (NW-NN-NE-EE) Ljubljana (NE-EE) London (NE-EE) Luxembourg (NE-EE) Minsk (NN-NE-EE-SE) Monaco (NE-EE) Nicosia (NN-NE) Oslo (EE-SE) Paris (NE-EE) Podgorica (NN-NE) Prague (NE-EE) Pristina (NN-NE) Riga (NE-EE-SE) Rome (NE-EE) San Marino (NE-EE) Sarajevo (NE-EE) Skopje (NN-NE) Sofia (NN-NE) Stockholm (NE-EE-SE) Tallinn (NE-EE-SE) Tashkent (WW-NW) Tbilisi (NW-NN) Tehran (NW-NN) Tirana (NN-NE) Tunis (NN-NE) Vaduz (NE-EE) Valletta (NN-NE) Vatican City (NE-EE) Vienna (NE-EE) Vilnius (NN-NE-EE-SE) Warsaw (NN-NE-EE-SE) Yerevan (NW-NN) Zagreb (NE-EE) Moscow
87%
Basseterre (WW-NW) Belmopan (NN-NE-EE-SE) Bogotá (NW-NN) Bridgetown (WW-NW) Caracas (NW-NN) Castries (WW-NW) Georgetown (WW-NW) Guatemala City (NE-EE) Havana (NN-NE-EE-SE) Kingston (WW-NW-NN-NE) Kingstown (WW-NW) Managua (NN-NE) Mexico City (NE-EE) Ottawa (SS-SW) Panama City (NN-NE) Port-au-Prince (WW-NW-NN-NE) Port-of-Spain (WW-NW) Quito (NN-NE) Roseau (WW-NW) Saint George's (WW-NW) Saint John's (WW-NW) San José (NN-NE) San Salvador (NN-NE) Santo Domingo (SW-WW-NW-NN) Tegucigalpa (NN-NE) Washington D.C. (SS-SW) Nassau
87%
Abu Dhabi (NW-NN) Amman (NW-NN-NE-EE) Ankara (NN-NE-EE-SE) Ashgabat (SW-WW-NW-NN) Asmara (NN-NE) Astana (SW-WW) Athens (NE-EE) Baghdad (NW-NN-NE-EE) Baku (SS-SW-WW-NW) Beirut (NN-NE-EE-SE) Belgrade (EE-SE) Berlin (EE-SE) Bishkek (SW-WW) Bratislava (EE-SE) Bucharest (EE-SE) Budapest (EE-SE) Cairo (NE-EE) Chișinău (NE-EE-SE) Copenhagen (EE-SE) Damascus (NW-NN-NE-EE) Doha (NW-NN) Dushanbe (WW-NW) Helsinki (SE) Islamabad (WW-NW) Jerusalem (NW-NN-NE-EE) Kabul (WW-NW) Khartoum (NN-NE) Kiev (SE) Kuwait City (WW-NW-NN-NE) Ljubljana (EE-SE) Manama (NW-NN) Minsk (SE) Moscow (SE) Muscat (NW-NN) Nicosia (NN-NE-EE-SE) Podgorica (EE-SE) Prague (EE-SE) Pristina (EE-SE) Riga (SE) Riyadh (NW-NN) Rome (EE-SE) San Marino (EE-SE) Sana'a (NN-NE) Sarajevo (EE-SE) Skopje (EE-SE) Sofia (EE-SE) Stockholm (SE) Tallinn (SE) Tashkent (SW-WW) Tbilisi (any) Tehran (SW-WW-NW-NN) Tirana (EE-SE) Tripoli (NE-EE) Vaduz (EE-SE) Valletta (NE-EE) Vatican City (EE-SE) Vienna (EE-SE) Vilnius (SE) Warsaw (EE-SE) Zagreb (EE-SE) Yerevan
87%
Abu Dhabi (WW-NW-NN-NE) Addis Ababa (NN-NE) Amman (NN-NE-EE-SE) Ankara (NE-EE-SE) Ashgabat (SS-SW-WW-NW) Asmara (NN-NE) Astana (SW-WW) Athens (EE-SE) Baku (SS-SW-WW) Beirut (NE-EE-SE) Belgrade (EE-SE) Bishkek (SW-WW) Bratislava (EE-SE) Bucharest (EE-SE) Budapest (EE-SE) Cairo (NN-NE-EE-SE) Chișinău (SE) Damascus (NE-EE-SE) Djibouti (NN-NE) Doha (WW-NW-NN-NE) Dushanbe (SW-WW) Islamabad (SW-WW) Jerusalem (NN-NE-EE-SE) Kabul (SW-WW) Khartoum (NN-NE) Kiev (SE) Kuwait City (WW-NW-NN-NE) Ljubljana (EE-SE) Manama (WW-NW-NN-NE) Minsk (SE) Moscow (SE) Muscat (WW-NW) Nicosia (NE-EE-SE) Podgorica (EE-SE) Pristina (EE-SE) Riyadh (WW-NW-NN-NE) Rome (EE-SE) San Marino (EE-SE) Sana'a (NN-NE) Sarajevo (EE-SE) Skopje (EE-SE) Sofia (EE-SE) Tashkent (SW-WW) Tbilisi (SS-SW-WW) Tehran (SS-SW-WW-NW) Tirana (EE-SE) Tripoli (NE-EE) Valletta (EE-SE) Vatican City (EE-SE) Vienna (EE-SE) Vilnius (SE) Warsaw (SE) Yerevan (SS-SW-WW) Zagreb (EE-SE) Baghdad
86%
Addis Ababa (SS-SW-WW) Antananarivo (NW-NN) Asmara (SS-SW) Bangui (EE-SE) Brazzaville (NE-EE) Bujumbura (NN-NE-EE-SE) Djibouti (SS-SW) Dodoma (NW-NN-NE-EE) Gaborone (NN-NE) Harare (NN-NE) Juba (EE-SE) Kampala (NE-EE-SE) Khartoum (SE) Kigali (NN-NE-EE-SE) Kinshasa (NE-EE) Lilongwe (NW-NN-NE-EE) Luanda (NE-EE) Lusaka (NN-NE) Maputo (NN-NE) Mbabane (NN-NE) Mogadishu (SS-SW-WW-NW) Moroni (WW-NW-NN-NE) N'Djamena (EE-SE) Pretoria (NN-NE) Sana'a (SS-SW) Victoria (WW-NW) Yaoundé (EE-SE) Nairobi
86%
Basseterre (SW-WW) Belmopan (NE-EE-SE) Bogotá (SW-WW-NW-NN) Bridgetown (SW-WW) Caracas (SS-SW-WW-NW) Castries (SW-WW) Georgetown (WW-NW) Guatemala City (NE-EE-SE) Havana (SE) Kingston (SS-SW-WW) Kingstown (SW-WW) Lima (NW-NN) Managua (NE-EE-SE) Mexico City (EE-SE) Nassau (SS-SW) Paramaribo (WW-NW) Port-au-Prince (SS-SW-WW) Port-of-Spain (SW-WW) Quito (WW-NW-NN-NE) Roseau (SW-WW) Saint George's (SW-WW) Saint John's (SW-WW) San José (NE-EE-SE) San Salvador (NE-EE-SE) Santo Domingo (SS-SW-WW) Tegucigalpa (NE-EE-SE) Panama City
86%
Basseterre (SW-WW) Belmopan (SS-SW-WW) Bogotá (WW-NW) Caracas (WW-NW) Guatemala City (any) Havana (SS-SW-WW) Kingston (SS-SW-WW-NW) Managua (SW-WW-NW-NN) Mexico City (NE-EE-SE) Nassau (SS-SW) Panama City (SW-WW-NW-NN) Port-au-Prince (SW-WW) Quito (NW-NN) Saint George's (WW-NW) Saint John's (SW-WW) San José (SW-WW-NW-NN) Santo Domingo (SW-WW) Tegucigalpa (any) San Salvador
86%
Basseterre (SW-WW-NW-NN) Belmopan (NE-EE) Bogotá (NN-NE) Bridgetown (SW-WW-NW-NN) Caracas (WW-NW-NN-NE) Castries (SW-WW-NW-NN) Georgetown (NW-NN) Guatemala City (NE-EE) Havana (NE-EE-SE) Kingston (NN-NE-EE-SE) Kingstown (SW-WW-NW-NN) Managua (NE-EE) Nassau (NE-EE-SE) Panama City (NW-NN-NE-EE) Paramaribo (WW-NW) Port-au-Prince (any) Port-of-Spain (SW-WW-NW-NN) Quito (NN-NE) Roseau (SW-WW-NW-NN) Saint George's (SW-WW-NW-NN) Saint John's (SW-WW-NW-NN) San José (NE-EE) San Salvador (NE-EE) Tegucigalpa (NE-EE) Washington D.C. (SE) Santo Domingo
86%
Abu Dhabi (NW-NN) Amman (NW-NN-NE-EE) Ankara (NN-NE-EE-SE) Ashgabat (SW-WW-NW-NN) Asmara (NN-NE) Astana (SW-WW) Athens (NE-EE) Baghdad (NW-NN-NE-EE) Baku (SW-WW-NW-NN) Beirut (NW-NN-NE-EE) Belgrade (EE-SE) Berlin (EE-SE) Bishkek (SW-WW) Bratislava (EE-SE) Bucharest (EE-SE) Budapest (EE-SE) Cairo (NN-NE) Chișinău (NE-EE-SE) Copenhagen (EE-SE) Damascus (NW-NN-NE-EE) Doha (NW-NN) Dushanbe (WW-NW) Helsinki (SE) Islamabad (WW-NW) Jerusalem (NW-NN-NE-EE) Kabul (WW-NW) Kiev (NE-EE-SE) Kuwait City (WW-NW-NN-NE) Ljubljana (EE-SE) Manama (NW-NN) Minsk (SE) Moscow (SE) Muscat (NW-NN) Nicosia (NN-NE-EE-SE) Podgorica (EE-SE) Prague (EE-SE) Pristina (EE-SE) Riga (SE) Riyadh (NW-NN) Rome (EE-SE) San Marino (EE-SE) Sana'a (NN-NE) Sarajevo (EE-SE) Skopje (EE-SE) Sofia (EE-SE) Stockholm (SE) Tallinn (SE) Tashkent (WW-NW) Tehran (WW-NW-NN-NE) Tirana (NE-EE) Tripoli (NE-EE) Vaduz (EE-SE) Valletta (NE-EE) Vatican City (EE-SE) Vienna (EE-SE) Vilnius (SE) Warsaw (EE-SE) Yerevan (any) Zagreb (EE-SE) Tbilisi
86%
Algiers (SW-WW-NW-NN) Amsterdam (SS-SW) Andorra la Vella (SS-SW-WW-NW) Athens (WW-NW) Bamako (NW-NN) Banjul (NN-NE) Belgrade (SW-WW) Berlin (SW-WW) Bern (SW-WW) Bratislava (SW-WW) Brussels (SS-SW) Bucharest (SW-WW) Budapest (SW-WW) Copenhagen (SS-SW) Dakar (NN-NE) Dublin (SS-SW) Ljubljana (SW-WW) London (SS-SW) Luxembourg (SW-WW) Madrid (SS-SW-WW-NW) Monaco (SS-SW-WW-NW) Nouakchott (NN-NE) Oslo (SS-SW) Paris (SS-SW-WW) Podgorica (SW-WW) Prague (SW-WW) Praia (NN-NE) Pristina (SW-WW) Rabat (WW-NW-NN-NE) Reykjavík (SE) Rome (SW-WW) San Marino (SW-WW) Sarajevo (SW-WW) Skopje (SW-WW) Sofia (SW-WW) Stockholm (SS-SW) Tirana (SW-WW) Tripoli (WW-NW) Tunis (WW-NW) Vaduz (SW-WW) Valletta (WW-NW) Vatican City (SW-WW) Vienna (SW-WW) Warsaw (SW-WW) Zagreb (SW-WW) Lisbon
85%
Basseterre (SW-WW) Belmopan (EE-SE) Bogotá (WW-NW) Bridgetown (SW-WW) Caracas (WW-NW) Castries (SW-WW) Guatemala City (NE-EE-SE) Havana (SS-SW-WW) Kingston (SS-SW-WW-NW) Kingstown (SW-WW) Lima (NW-NN) Mexico City (EE-SE) Nassau (SS-SW) Panama City (SW-WW-NW-NN) Port-au-Prince (SW-WW) Port-of-Spain (WW-NW) Quito (NW-NN) Roseau (SW-WW) Saint George's (WW-NW) Saint John's (SW-WW) San José (WW-NW-NN-NE) San Salvador (NE-EE-SE) Santo Domingo (SW-WW) Tegucigalpa (any) Managua
85%
Basseterre (any) Belmopan (EE-SE) Bogotá (NN-NE) Bridgetown (WW-NW-NN-NE) Caracas (NW-NN-NE-EE) Castries (WW-NW-NN-NE) Georgetown (WW-NW-NN-NE) Havana (EE-SE) Kingston (EE-SE) Kingstown (WW-NW-NN-NE) Managua (NE-EE) Nassau (EE-SE) Panama City (NE-EE) Paramaribo (WW-NW-NN-NE) Port-au-Prince (NE-EE-SE) Port-of-Spain (WW-NW-NN-NE) Quito (NN-NE) Roseau (any) Saint George's (WW-NW-NN-NE) San José (NE-EE) San Salvador (NE-EE) Santo Domingo (NE-EE-SE) Tegucigalpa (NE-EE) Washington D.C. (SE) Saint John's
85%
Abuja (SE) Accra (EE-SE) Addis Ababa (SW-WW) Bangui (SS-SW-WW) Bujumbura (SW-WW) Dodoma (WW-NW) Gaborone (NW-NN) Harare (WW-NW) Juba (SW-WW) Kampala (SW-WW) Khartoum (SS-SW) Kigali (SW-WW) Kinshasa (any) Libreville (NE-EE-SE) Lilongwe (WW-NW) Lomé (EE-SE) Luanda (NW-NN-NE-EE) Lusaka (WW-NW) Malabo (EE-SE) Mbabane (NW-NN) Nairobi (SW-WW) N'Djamena (SE) Niamey (SE) Ouagadougou (EE-SE) Porto-Novo (EE-SE) Pretoria (NW-NN) São Tomé (NE-EE-SE) Windhoek (NW-NN) Yamoussoukro (EE-SE) Yaoundé (EE-SE) Brazzaville
84%
Abu Dhabi (WW-NW) Addis Ababa (NW-NN) Algiers (EE-SE) Amman (SS-SW-WW-NW) Andorra la Vella (EE-SE) Ankara (SS-SW-WW) Ashgabat (SW-WW) Asmara (NW-NN) Athens (EE-SE) Baghdad (SS-SW-WW-NW) Baku (SW-WW) Beirut (SS-SW-WW) Belgrade (SE) Berlin (SE) Bern (EE-SE) Bratislava (SE) Bucharest (SE) Budapest (SE) Chișinău (SE) Damascus (SS-SW-WW-NW) Djibouti (NW-NN) Doha (WW-NW) Jerusalem (SS-SW-WW-NW) Juba (NW-NN) Khartoum (NW-NN) Kiev (SE) Kuwait City (WW-NW) Ljubljana (SE) Manama (WW-NW) Minsk (SE) Monaco (EE-SE) Moscow (SS-SW) Muscat (WW-NW) N'Djamena (NN-NE) Nicosia (SS-SW-WW) Podgorica (SE) Prague (SE) Pristina (SE) Riyadh (WW-NW) Rome (EE-SE) San Marino (EE-SE) Sana'a (NW-NN) Sarajevo (SE) Skopje (SE) Sofia (SE) Tbilisi (SS-SW) Tehran (SW-WW) Tirana (SE) Tripoli (EE-SE) Tunis (EE-SE) Vaduz (SE) Valletta (EE-SE) Vatican City (EE-SE) Vienna (SE) Vilnius (SE) Warsaw (SE) Yerevan (SW-WW) Zagreb (SE) Cairo
84%
Addis Ababa (SS-SW) Antananarivo (NW-NN) Asmara (SS-SW) Bangui (EE-SE) Brazzaville (EE-SE) Bujumbura (NE-EE-SE) Djibouti (SS-SW) Gaborone (NN-NE) Harare (NW-NN-NE-EE) Juba (EE-SE) Kampala (EE-SE) Khartoum (SE) Kigali (NE-EE-SE) Kinshasa (EE-SE) Lilongwe (NW-NN-NE-EE) Luanda (NE-EE) Lusaka (NW-NN-NE-EE) Maputo (NN-NE) Maseru (NN-NE) Mbabane (NN-NE) Mogadishu (SS-SW-WW-NW) Moroni (SW-WW-NW-NN) Nairobi (SS-SW-WW) Port Louis (WW-NW) Pretoria (NN-NE) Sana'a (SS-SW) Victoria (SW-WW) Windhoek (NE-EE) Yaoundé (EE-SE) Dodoma
84%
Abuja (SE) Accra (EE-SE) Addis Ababa (SW-WW) Bangui (SS-SW-WW) Brazzaville (any) Bujumbura (SW-WW) Dodoma (WW-NW) Gaborone (NW-NN) Harare (WW-NW) Juba (SW-WW) Kampala (SW-WW) Khartoum (SS-SW) Kigali (SW-WW) Libreville (NE-EE-SE) Lilongwe (WW-NW) Lomé (EE-SE) Luanda (NW-NN-NE-EE) Lusaka (WW-NW) Malabo (EE-SE) Mbabane (NW-NN) Nairobi (SW-WW) N'Djamena (SE) Niamey (SE) Ouagadougou (EE-SE) Porto-Novo (EE-SE) Pretoria (NW-NN) São Tomé (NE-EE-SE) Windhoek (NW-NN) Yamoussoukro (EE-SE) Yaoundé (EE-SE) Kinshasa
84%
Basseterre (SW-WW) Belmopan (EE-SE) Bogotá (SW-WW-NW-NN) Bridgetown (SW-WW) Caracas (SW-WW) Castries (SW-WW) Georgetown (WW-NW) Guatemala City (NE-EE-SE) Havana (SS-SW-WW) Kingston (SS-SW-WW) Kingstown (SW-WW) Lima (NW-NN) Managua (EE-SE) Mexico City (EE-SE) Nassau (SS-SW) Panama City (SW-WW-NW-NN) Port-au-Prince (SW-WW) Port-of-Spain (SW-WW) Quito (WW-NW-NN-NE) Roseau (SW-WW) Saint George's (SW-WW) Saint John's (SW-WW) San Salvador (NE-EE-SE) Santo Domingo (SW-WW) Tegucigalpa (EE-SE) San José
84%
Abu Dhabi (WW-NW-NN-NE) Amman (NN-NE-EE-SE) Ankara (EE-SE) Ashgabat (SS-SW-WW-NW) Asmara (NN-NE) Astana (SS-SW) Athens (EE-SE) Baghdad (NN-NE-EE-SE) Baku (EE-SE) Beirut (NN-NE-EE-SE) Belgrade (EE-SE) Bishkek (SW-WW) Bucharest (EE-SE) Budapest (EE-SE) Cairo (NE-EE) Chișinău (EE-SE) Damascus (NN-NE-EE-SE) Djibouti (NN-NE) Doha (WW-NW-NN-NE) Dushanbe (SW-WW) Islamabad (WW-NW) Jerusalem (NE-EE) Kabul (WW-NW) Khartoum (NN-NE) Kiev (EE-SE) Kuwait City (NW-NN-NE-EE) Manama (NW-NN-NE-EE) Minsk (SE) Moscow (SE) Muscat (NW-NN) New Delhi (WW-NW) Nicosia (NE-EE) Podgorica (EE-SE) Pristina (EE-SE) Riyadh (NW-NN-NE-EE) Sana'a (NN-NE) Sarajevo (EE-SE) Skopje (EE-SE) Sofia (EE-SE) Tashkent (SW-WW) Tbilisi (EE-SE) Tirana (EE-SE) Vilnius (SE) Yerevan (NE-EE-SE) Tehran
84%
Abu Dhabi (NW-NN) Amman (NE-EE) Ankara (NN-NE-EE-SE) Ashgabat (SW-WW-NW-NN) Asmara (NN-NE) Astana (SW-WW) Athens (NE-EE) Baghdad (NW-NN-NE-EE) Beirut (NN-NE-EE-SE) Belgrade (EE-SE) Bishkek (SW-WW) Bratislava (EE-SE) Bucharest (EE-SE) Budapest (EE-SE) Cairo (NE-EE) Chișinău (EE-SE) Damascus (NN-NE-EE-SE) Doha (NW-NN) Dushanbe (WW-NW) Helsinki (SE) Islamabad (WW-NW) Jerusalem (NE-EE) Kabul (WW-NW) Kiev (EE-SE) Kuwait City (NW-NN-NE-EE) Ljubljana (EE-SE) Manama (NW-NN) Minsk (EE-SE) Moscow (SE) Muscat (NW-NN) New Delhi (WW-NW) Nicosia (NE-EE) Podgorica (EE-SE) Prague (EE-SE) Pristina (EE-SE) Riga (EE-SE) Riyadh (NN-NE) Sana'a (NN-NE) Sarajevo (EE-SE) Skopje (EE-SE) Sofia (EE-SE) Tallinn (SE) Tashkent (SW-WW) Tbilisi (NE-EE-SE) Tehran (WW-NW-NN-NE) Tirana (EE-SE) Vienna (EE-SE) Vilnius (EE-SE) Warsaw (EE-SE) Yerevan (NN-NE-EE-SE) Zagreb (EE-SE) Baku
83%
Basseterre (SS-SW-WW) Belmopan (EE-SE) Bogotá (NN-NE-EE-SE) Bridgetown (SS-SW-WW-NW) Castries (SS-SW-WW-NW) Georgetown (SW-WW-NW-NN) Guatemala City (EE-SE) Havana (EE-SE) Kingston (NE-EE-SE) Kingstown (SS-SW-WW-NW) Lima (NN-NE) Managua (EE-SE) Nassau (SE) Panama City (NN-NE-EE-SE) Paramaribo (SW-WW-NW-NN) Port-au-Prince (EE-SE) Port-of-Spain (SS-SW-WW-NW) Quito (NE-EE) Roseau (SS-SW-WW-NW) Saint George's (SS-SW-WW-NW) Saint John's (SS-SW-WW) San José (NE-EE) San Salvador (EE-SE) Santo Domingo (EE-SE) Tegucigalpa (EE-SE) Caracas
83%
Abuja (NN-NE) Algiers (NE-EE-SE) Amman (WW-NW) Amsterdam (SE) Andorra la Vella (EE-SE) Ankara (SW-WW) Athens (SS-SW-WW-NW) Baghdad (SW-WW) Beirut (SW-WW) Belgrade (SS-SW-WW) Berlin (SS-SW) Bern (SE) Bratislava (SS-SW) Brussels (SE) Bucharest (SS-SW) Budapest (SS-SW) Cairo (WW-NW) Chișinău (SS-SW) Copenhagen (SE) Damascus (SW-WW) Dublin (SE) Jerusalem (WW-NW) Khartoum (WW-NW) Kiev (SS-SW) Lisbon (EE-SE) Ljubljana (SS-SW-WW) London (SE) Luxembourg (SE) Madrid (EE-SE) Minsk (SS-SW) Monaco (EE-SE) N'Djamena (NW-NN) Niamey (NN-NE) Nicosia (SW-WW) Ouagadougou (NN-NE) Paris (SE) Podgorica (SS-SW-WW) Prague (SS-SW) Pristina (SS-SW-WW) Rabat (EE-SE) Riga (SS-SW) Rome (EE-SE) San Marino (EE-SE) Sarajevo (SS-SW-WW) Skopje (SS-SW-WW) Sofia (SS-SW-WW) Stockholm (SS-SW) Tbilisi (SW-WW) Tirana (SS-SW-WW) Tunis (EE-SE) Vaduz (SE) Valletta (SS-SW-WW) Vatican City (EE-SE) Vienna (SS-SW) Vilnius (SS-SW) Warsaw (SS-SW) Yerevan (SW-WW) Zagreb (SS-SW-WW) Tripoli
83%
Basseterre (SS-SW) Belmopan (EE-SE) Bridgetown (SW-WW) Caracas (SS-SW-WW-NW) Castries (SW-WW) Georgetown (SW-WW) Guatemala City (EE-SE) Havana (SE) Kingston (SE) Kingstown (SW-WW) Lima (NN-NE) Managua (EE-SE) Nassau (SE) Panama City (NE-EE-SE) Paramaribo (SW-WW) Port-au-Prince (SS-SW) Port-of-Spain (SW-WW) Quito (NW-NN-NE-EE) Roseau (SW-WW) Saint George's (SW-WW) Saint John's (SS-SW) San José (NE-EE-SE) San Salvador (EE-SE) Santo Domingo (SS-SW) Sucre (NW-NN) Tegucigalpa (EE-SE) Bogotá
82%
Abuja (SE) Accra (SE) Bangui (SS-SW) Brazzaville (SS-SW-WW) Bujumbura (SW-WW) Dodoma (SW-WW) Gaborone (NW-NN) Harare (WW-NW) Juba (SW-WW) Kampala (SW-WW) Kigali (SW-WW) Kinshasa (SS-SW-WW) Libreville (EE-SE) Lilongwe (WW-NW) Lomé (SE) Lusaka (WW-NW) Malabo (EE-SE) Maputo (WW-NW) Maseru (NW-NN) Mbabane (NW-NN) Nairobi (SW-WW) N'Djamena (SS-SW) Niamey (SE) Ouagadougou (SE) Porto-Novo (SE) Pretoria (NW-NN) São Tomé (EE-SE) Windhoek (NW-NN) Yamoussoukro (EE-SE) Yaoundé (EE-SE) Luanda
82%
Basseterre (NW-NN) Belmopan (NN-NE) Guatemala City (NN-NE) Havana (NN-NE) Kingston (NW-NN) Nassau (NN-NE) Ottawa (SS-SW-WW) Port-au-Prince (NW-NN) Saint John's (NW-NN) Santo Domingo (NW-NN) Tegucigalpa (NN-NE) Washington D.C.
82%
Algiers (SS-SW-WW-NW) Amsterdam (SS-SW) Andorra la Vella (SS-SW-WW) Athens (SW-WW) Bamako (NN-NE) Banjul (NN-NE) Belgrade (SW-WW) Berlin (SS-SW) Bern (SS-SW) Bissau (NN-NE) Bratislava (SW-WW) Brussels (SS-SW) Budapest (SW-WW) Conakry (NN-NE) Copenhagen (SS-SW) Dakar (NN-NE) Dublin (SS-SW) Freetown (NN-NE) Lisbon (EE-SE) Ljubljana (SW-WW) London (SS-SW) Luxembourg (SS-SW) Madrid (SS-SW-WW) Monaco (SW-WW) Niamey (NW-NN) Nouakchott (NN-NE) Ouagadougou (NW-NN) Paris (SS-SW) Podgorica (SW-WW) Prague (SS-SW) Praia (NN-NE) Pristina (SW-WW) Rome (SW-WW) San Marino (SW-WW) Sarajevo (SW-WW) Skopje (SW-WW) Sofia (SW-WW) Tirana (SW-WW) Tripoli (WW-NW) Tunis (SW-WW) Vaduz (SS-SW) Valletta (SW-WW) Vatican City (SW-WW) Vienna (SW-WW) Zagreb (SW-WW) Rabat
81%
Abu Dhabi (NN-NE) Amman (NE-EE) Ankara (EE-SE) Astana (SS-SW) Baghdad (NN-NE-EE-SE) Baku (NE-EE-SE) Beirut (NE-EE) Bishkek (SS-SW-WW-NW) Bucharest (EE-SE) Cairo (NE-EE) Chișinău (EE-SE) Damascus (NE-EE) Doha (NN-NE) Dushanbe (SS-SW-WW-NW) Islamabad (SW-WW-NW-NN) Jerusalem (NE-EE) Kabul (SW-WW-NW-NN) Kathmandu (WW-NW) Kiev (EE-SE) Kuwait City (NN-NE-EE-SE) Manama (NW-NN-NE-EE) Minsk (EE-SE) Moscow (SE) Muscat (NW-NN) New Delhi (WW-NW) Nicosia (NE-EE) Riyadh (NN-NE) Sana'a (NN-NE) Tashkent (SS-SW-WW-NW) Tbilisi (NE-EE-SE) Tehran (NN-NE-EE-SE) Yerevan (NE-EE-SE) Ashgabat
80%
Abuja (WW-NW) Accra (SW-WW-NW-NN) Algiers (SS-SW) Banjul (NE-EE-SE) Bissau (NN-NE-EE-SE) Conakry (NN-NE-EE-SE) Dakar (NE-EE-SE) Freetown (NN-NE-EE-SE) Libreville (WW-NW) Lisbon (SE) Lomé (SW-WW-NW-NN) Malabo (WW-NW) Monrovia (NW-NN-NE-EE) N'Djamena (WW-NW) Niamey (SS-SW-WW-NW) Nouakchott (NE-EE-SE) Ouagadougou (SW-WW-NW-NN) Porto-Novo (SW-WW-NW-NN) Praia (EE-SE) Rabat (SS-SW) São Tomé (WW-NW) Yamoussoukro (WW-NW-NN-NE) Yaoundé (WW-NW) Bamako
79%
Basseterre (EE-SE) Bogotá (NE-EE) Caracas (NN-NE-EE-SE) Castries (any) Georgetown (WW-NW-NN-NE) Havana (EE-SE) Kingston (EE-SE) Kingstown (any) Managua (NE-EE) Nassau (EE-SE) Panama City (NE-EE) Paramaribo (WW-NW-NN-NE) Port-au-Prince (NE-EE-SE) Port-of-Spain (NW-NN-NE-EE) Quito (NE-EE) Roseau (EE-SE) Saint George's (any) Saint John's (EE-SE) San José (NE-EE) Santo Domingo (NE-EE-SE) Tegucigalpa (EE-SE) Bridgetown
79%
Basseterre (EE-SE) Belmopan (EE-SE) Bogotá (NE-EE) Bridgetown (any) Caracas (NN-NE-EE-SE) Georgetown (WW-NW-NN-NE) Havana (EE-SE) Kingston (EE-SE) Kingstown (any) Managua (NE-EE) Nassau (EE-SE) Panama City (NE-EE) Paramaribo (WW-NW-NN-NE) Port-au-Prince (NE-EE-SE) Port-of-Spain (NW-NN-NE-EE) Quito (NE-EE) Roseau (any) Saint George's (any) Saint John's (EE-SE) San José (NE-EE) Santo Domingo (NE-EE-SE) Tegucigalpa (EE-SE) Castries
79%
Abu Dhabi (SW-WW-NW-NN) Addis Ababa (NN-NE) Amman (EE-SE) Ankara (EE-SE) Ashgabat (SS-SW) Asmara (NE-EE) Athens (EE-SE) Baghdad (EE-SE) Baku (SE) Beirut (EE-SE) Bishkek (SW-WW) Cairo (EE-SE) Damascus (EE-SE) Djibouti (NN-NE) Dushanbe (SW-WW) Islamabad (SW-WW) Jerusalem (EE-SE) Kabul (SW-WW) Khartoum (NE-EE) Kuwait City (EE-SE) Manama (any) Mogadishu (NN-NE) Muscat (SW-WW-NW-NN) New Delhi (SW-WW) Nicosia (EE-SE) Riyadh (NN-NE-EE-SE) Sana'a (NW-NN-NE-EE) Tashkent (SS-SW) Tbilisi (SE) Tehran (EE-SE) Yerevan (SE) Doha
79%
Basseterre (EE-SE) Belmopan (EE-SE) Bogotá (NE-EE) Bridgetown (any) Caracas (NN-NE-EE-SE) Castries (any) Georgetown (WW-NW-NN-NE) Havana (EE-SE) Kingston (EE-SE) Managua (NE-EE) Nassau (EE-SE) Panama City (NE-EE) Paramaribo (WW-NW-NN-NE) Port-au-Prince (NE-EE-SE) Port-of-Spain (any) Quito (NE-EE) Roseau (any) Saint George's (any) Saint John's (EE-SE) San José (NE-EE) Santo Domingo (NE-EE-SE) Tegucigalpa (EE-SE) Kingstown
79%
Basseterre (SS-SW) Belmopan (SE) Bogotá (SS-SW-WW) Bridgetown (SW-WW) Caracas (SW-WW) Castries (SW-WW) Georgetown (SW-WW) Guatemala City (SE) Havana (SE) Kingston (SS-SW) Kingstown (SW-WW) Lima (WW-NW-NN-NE) Managua (SE) Nassau (SS-SW) Panama City (EE-SE) Paramaribo (SW-WW) Port-au-Prince (SS-SW) Port-of-Spain (SW-WW) Roseau (SW-WW) Saint George's (SW-WW) Saint John's (SS-SW) San José (EE-SE) San Salvador (SE) Santo Domingo (SS-SW) Sucre (NW-NN) Tegucigalpa (SE) Quito
79%
Basseterre (any) Belmopan (EE-SE) Bogotá (NE-EE) Bridgetown (WW-NW-NN-NE) Caracas (NN-NE-EE-SE) Castries (any) Georgetown (WW-NW-NN-NE) Havana (EE-SE) Kingston (EE-SE) Kingstown (any) Managua (NE-EE) Nassau (EE-SE) Panama City (NE-EE) Paramaribo (WW-NW-NN-NE) Port-au-Prince (NE-EE-SE) Port-of-Spain (NW-NN-NE-EE) Quito (NE-EE) Saint George's (NW-NN-NE-EE) Saint John's (any) San José (NE-EE) Santo Domingo (NE-EE-SE) Tegucigalpa (NE-EE) Roseau
79%
Basseterre (EE-SE) Belmopan (EE-SE) Bogotá (NE-EE) Bridgetown (any) Caracas (NN-NE-EE-SE) Castries (any) Georgetown (WW-NW-NN-NE) Havana (EE-SE) Kingston (EE-SE) Kingstown (any) Managua (EE-SE) Nassau (EE-SE) Panama City (NE-EE) Paramaribo (SW-WW-NW-NN) Port-au-Prince (NE-EE-SE) Port-of-Spain (any) Quito (NE-EE) Roseau (SS-SW-WW) Saint John's (EE-SE) San José (NE-EE) San Salvador (EE-SE) Santo Domingo (NE-EE-SE) Tegucigalpa (EE-SE) Saint George's
79%
Bangui (SS-SW) Brazzaville (SE) Bujumbura (SS-SW) Dodoma (SW-WW) Gaborone (SW-WW-NW-NN) Harare (SW-WW) Kigali (SS-SW) Kinshasa (SE) Libreville (SE) Lilongwe (SW-WW) Luanda (SE) Lusaka (SS-SW-WW-NW) Maputo (WW-NW) Maseru (SW-WW-NW-NN) Mbabane (SW-WW-NW-NN) Pretoria (SW-WW-NW-NN) São Tomé (SE) Yaoundé (SE) Windhoek
79%
Addis Ababa (NN-NE) Amman (EE-SE) Ankara (EE-SE) Ashgabat (SS-SW) Asmara (NE-EE) Baghdad (EE-SE) Baku (SE) Beirut (EE-SE) Bishkek (SS-SW) Cairo (EE-SE) Damascus (EE-SE) Djibouti (NN-NE) Doha (NE-EE-SE) Dushanbe (SS-SW) Islamabad (SW-WW) Jerusalem (EE-SE) Kabul (SW-WW) Khartoum (NE-EE) Kuwait City (NE-EE-SE) Manama (NE-EE-SE) Mogadishu (NN-NE) Muscat (SW-WW-NW-NN) New Delhi (SW-WW) Nicosia (EE-SE) Riyadh (NE-EE-SE) Sana'a (NN-NE-EE-SE) Tashkent (SS-SW) Tbilisi (SE) Tehran (EE-SE) Yerevan (SE) Abu Dhabi
78%
Abuja (WW-NW) Accra (WW-NW) Bamako (SW-WW-NW-NN) Bissau (any) Conakry (WW-NW-NN-NE) Dakar (any) Freetown (WW-NW-NN-NE) Lisbon (SS-SW) Lomé (WW-NW) Malabo (WW-NW) Monrovia (WW-NW-NN-NE) Niamey (SW-WW) Nouakchott (SS-SW-WW) Ouagadougou (WW-NW) Porto-Novo (WW-NW) Praia (NE-EE-SE) Rabat (SS-SW) São Tomé (WW-NW) Yamoussoukro (SW-WW-NW-NN) Banjul
78%
Abuja (WW-NW) Accra (WW-NW) Bamako (SS-SW-WW-NW) Banjul (EE-SE) Bissau (EE-SE) Dakar (EE-SE) Freetown (any) Libreville (WW-NW) Lomé (WW-NW) Malabo (WW-NW) Monrovia (WW-NW-NN-NE) Niamey (SW-WW) Nouakchott (EE-SE) Ouagadougou (SS-SW-WW-NW) Porto-Novo (WW-NW) Praia (NE-EE-SE) Rabat (SS-SW) São Tomé (WW-NW) Yamoussoukro (SW-WW-NW-NN) Yaoundé (WW-NW) Conakry
78%
Abuja (WW-NW) Accra (WW-NW) Bamako (SW-WW-NW-NN) Banjul (any) Bissau (WW-NW-NN-NE) Conakry (WW-NW-NN-NE) Freetown (WW-NW-NN-NE) Lisbon (SS-SW) Lomé (WW-NW) Monrovia (WW-NW-NN-NE) Niamey (WW-NW) Nouakchott (SS-SW-WW) Ouagadougou (WW-NW) Porto-Novo (WW-NW) Praia (NE-EE-SE) Rabat (SS-SW) Yamoussoukro (WW-NW) Dakar
78%
Abuja (SW-WW) Accra (SW-WW-NW-NN) Bamako (SS-SW-WW-NW) Banjul (EE-SE) Bissau (EE-SE) Conakry (any) Dakar (EE-SE) Libreville (WW-NW) Lomé (WW-NW) Malabo (WW-NW) Monrovia (SW-WW-NW-NN) Niamey (SW-WW) Nouakchott (EE-SE) Ouagadougou (SS-SW-WW-NW) Porto-Novo (WW-NW) Praia (NE-EE-SE) Rabat (SS-SW) São Tomé (WW-NW) Yamoussoukro (SW-WW-NW-NN) Yaoundé (WW-NW) Freetown
78%
Abu Dhabi (SW-WW-NW-NN) Addis Ababa (NN-NE) Amman (NE-EE-SE) Ankara (EE-SE) Ashgabat (SS-SW-WW-NW) Asmara (NN-NE) Athens (EE-SE) Baghdad (EE-SE) Baku (SS-SW-WW) Beirut (NE-EE-SE) Belgrade (EE-SE) Bishkek (SW-WW) Bucharest (EE-SE) Cairo (EE-SE) Chișinău (SE) Damascus (NE-EE-SE) Djibouti (NN-NE) Doha (WW-NW-NN-NE) Dushanbe (SW-WW) Islamabad (SW-WW) Jerusalem (NE-EE-SE) Kabul (SW-WW) Khartoum (NE-EE) Kiev (SE) Manama (WW-NW-NN-NE) Muscat (SW-WW-NW-NN) New Delhi (WW-NW) Nicosia (EE-SE) Podgorica (EE-SE) Pristina (EE-SE) Riyadh (NW-NN-NE-EE) Sana'a (NN-NE) Skopje (EE-SE) Sofia (EE-SE) Tashkent (SW-WW) Tbilisi (EE-SE) Tehran (SS-SW-WW) Tirana (EE-SE) Yerevan (EE-SE) Kuwait City
78%
Belmopan (SW-WW-NW-NN) Guatemala City (SW-WW-NW-NN) Havana (SW-WW) Kingston (WW-NW) Managua (WW-NW) Nassau (SW-WW) Panama City (WW-NW) Port-au-Prince (WW-NW) San José (WW-NW) San Salvador (SW-WW-NW-NN) Tegucigalpa (SW-WW-NW-NN) Mexico City
78%
Abuja (SW-WW-NW-NN) Accra (NW-NN-NE-EE) Algiers (SS-SW) Bamako (NN-NE-EE-SE) Bangui (WW-NW) Banjul (NE-EE) Bissau (NE-EE) Brazzaville (NW-NN) Conakry (NE-EE) Dakar (EE-SE) Freetown (NE-EE) Kinshasa (NW-NN) Libreville (NW-NN) Lomé (NW-NN-NE-EE) Luanda (NW-NN) Malabo (WW-NW-NN-NE) Monrovia (NE-EE) N'Djamena (SW-WW-NW-NN) Nouakchott (EE-SE) Ouagadougou (NN-NE-EE-SE) Porto-Novo (WW-NW-NN-NE) Praia (EE-SE) Rabat (SE) São Tomé (NW-NN) Tripoli (SS-SW) Tunis (SS-SW) Valletta (SS-SW) Yamoussoukro (NN-NE-EE-SE) Yaoundé (WW-NW-NN-NE) Niamey
78%
Abuja (SW-WW-NW-NN) Accra (WW-NW-NN-NE) Algiers (SS-SW) Bamako (NE-EE-SE) Bangui (WW-NW) Banjul (EE-SE) Bissau (NE-EE) Brazzaville (WW-NW) Conakry (NN-NE-EE-SE) Dakar (EE-SE) Freetown (NN-NE-EE-SE) Kinshasa (WW-NW) Libreville (NW-NN) Lomé (WW-NW-NN-NE) Luanda (NW-NN) Malabo (SW-WW-NW-NN) Monrovia (NN-NE-EE-SE) N'Djamena (WW-NW) Niamey (SS-SW-WW-NW) Nouakchott (EE-SE) Porto-Novo (WW-NW-NN-NE) Praia (EE-SE) Rabat (SE) São Tomé (NW-NN) Tripoli (SS-SW) Tunis (SS-SW) Yamoussoukro (NW-NN-NE-EE) Yaoundé (WW-NW) Ouagadougou
78%
Accra (NN-NE-EE-SE) Bamako (EE-SE) Bangui (SW-WW-NW-NN) Banjul (EE-SE) Bissau (EE-SE) Brazzaville (NW-NN) Bujumbura (WW-NW) Conakry (EE-SE) Dakar (EE-SE) Freetown (NE-EE) Juba (WW-NW) Kampala (WW-NW) Khartoum (SW-WW) Kigali (WW-NW) Kinshasa (NW-NN) Libreville (WW-NW-NN-NE) Lomé (NN-NE-EE-SE) Luanda (NW-NN) Malabo (WW-NW-NN-NE) Monrovia (NE-EE) N'Djamena (SS-SW-WW-NW) Niamey (NE-EE-SE) Nouakchott (EE-SE) Ouagadougou (NE-EE-SE) Porto-Novo (NN-NE-EE-SE) São Tomé (NW-NN-NE-EE) Tripoli (SS-SW) Yamoussoukro (NN-NE-EE-SE) Yaoundé (WW-NW-NN-NE) Abuja
77%
Abuja (SS-SW-WW-NW) Bamako (NE-EE-SE) Bangui (WW-NW) Banjul (EE-SE) Bissau (EE-SE) Brazzaville (WW-NW) Conakry (EE-SE) Dakar (EE-SE) Freetown (NE-EE-SE) Kinshasa (WW-NW) Libreville (SW-WW-NW-NN) Lomé (any) Luanda (NW-NN) Malabo (SW-WW-NW-NN) Monrovia (NE-EE-SE) N'Djamena (SW-WW) Niamey (SS-SW-WW) Nouakchott (EE-SE) Ouagadougou (EE-SE) Porto-Novo (SS-SW-WW-NW) Praia (EE-SE) São Tomé (SW-WW-NW-NN) Yamoussoukro (NE-EE-SE) Yaoundé (SW-WW-NW-NN) Accra
77%
Abuja (SS-SW-WW-NW) Accra (any) Bamako (NE-EE-SE) Bangui (WW-NW) Banjul (EE-SE) Bissau (EE-SE) Brazzaville (WW-NW) Conakry (EE-SE) Dakar (EE-SE) Freetown (EE-SE) Kinshasa (WW-NW) Libreville (SW-WW-NW-NN) Luanda (NW-NN) Malabo (SW-WW-NW-NN) Monrovia (NE-EE-SE) N'Djamena (SW-WW) Niamey (SS-SW-WW) Nouakchott (EE-SE) Ouagadougou (EE-SE) Porto-Novo (any) Praia (EE-SE) São Tomé (WW-NW-NN-NE) Yamoussoukro (NE-EE-SE) Yaoundé (SW-WW-NW-NN) Lomé
77%
Abu Dhabi (SW-WW-NW-NN) Addis Ababa (NN-NE) Amman (EE-SE) Ankara (EE-SE) Ashgabat (SS-SW-WW) Asmara (NN-NE) Athens (EE-SE) Baghdad (EE-SE) Baku (SE) Beirut (EE-SE) Bishkek (SW-WW) Bucharest (EE-SE) Cairo (EE-SE) Chișinău (SE) Damascus (EE-SE) Djibouti (NN-NE) Doha (any) Dushanbe (SW-WW) Islamabad (SW-WW) Jerusalem (EE-SE) Kabul (SW-WW) Khartoum (NE-EE) Kuwait City (EE-SE) Mogadishu (NN-NE) Muscat (SW-WW-NW-NN) New Delhi (SW-WW) Nicosia (EE-SE) Riyadh (NN-NE-EE-SE) Sana'a (NW-NN-NE-EE) Tashkent (SW-WW) Tbilisi (SE) Tehran (SS-SW-WW) Yerevan (SE) Manama
77%
Basseterre (EE-SE) Bogotá (NE-EE) Bridgetown (SS-SW-WW) Caracas (NN-NE-EE-SE) Castries (SS-SW-WW) Georgetown (WW-NW-NN-NE) Havana (EE-SE) Kingston (EE-SE) Kingstown (any) Managua (EE-SE) Nassau (EE-SE) Panama City (NE-EE) Paramaribo (SW-WW-NW-NN) Port-au-Prince (NE-EE-SE) Quito (NE-EE) Roseau (SS-SW-WW) Saint George's (any) Saint John's (EE-SE) San José (NE-EE) Santo Domingo (NE-EE-SE) Tegucigalpa (EE-SE) Port-of-Spain
77%
Asunción (SW-WW-NW-NN) Bogotá (SE) Brasília (SW-WW) Buenos Aires (NW-NN) Georgetown (SS-SW) Lima (NE-EE-SE) Montevideo (NW-NN) Paramaribo (SS-SW) Quito (SE) Santiago (NN-NE) Sucre
77%
Brasília (SS-SW-WW) Buenos Aires (NW-NN-NE-EE) Lima (EE-SE) Montevideo (WW-NW-NN-NE) Santiago (NE-EE) Sucre (NE-EE-SE) Asunción
76%
Abuja (WW-NW) Accra (WW-NW) Bamako (SS-SW-WW-NW) Banjul (any) Conakry (WW-NW-NN-NE) Dakar (EE-SE) Freetown (WW-NW-NN-NE) Lomé (WW-NW) Malabo (WW-NW) Monrovia (WW-NW-NN-NE) Niamey (SW-WW) Nouakchott (EE-SE) Ouagadougou (SW-WW) Porto-Novo (WW-NW) Praia (NE-EE-SE) Rabat (SS-SW) São Tomé (WW-NW) Yamoussoukro (SW-WW-NW-NN) Bissau
76%
Abuja (SW-WW) Accra (SW-WW-NW-NN) Bamako (SS-SW-WW) Banjul (EE-SE) Bissau (EE-SE) Conakry (EE-SE) Dakar (EE-SE) Freetown (NE-EE-SE) Libreville (WW-NW) Lomé (SW-WW-NW-NN) Malabo (WW-NW) N'Djamena (SW-WW) Niamey (SW-WW) Nouakchott (EE-SE) Ouagadougou (SS-SW-WW-NW) Porto-Novo (SS-SW-WW-NW) Praia (EE-SE) São Tomé (WW-NW) Yamoussoukro (SS-SW-WW-NW) Yaoundé (WW-NW) Monrovia
76%
Abuja (SS-SW-WW-NW) Accra (NN-NE-EE-SE) Bamako (NE-EE-SE) Bangui (WW-NW) Banjul (EE-SE) Bissau (EE-SE) Brazzaville (WW-NW) Conakry (EE-SE) Dakar (EE-SE) Freetown (EE-SE) Kinshasa (WW-NW) Libreville (SW-WW-NW-NN) Lomé (any) Luanda (NW-NN) Malabo (SW-WW-NW-NN) Monrovia (NN-NE-EE-SE) N'Djamena (SW-WW) Niamey (EE-SE) Nouakchott (EE-SE) Ouagadougou (EE-SE) São Tomé (WW-NW-NN-NE) Yamoussoukro (NE-EE-SE) Yaoundé (SW-WW-NW-NN) Porto-Novo
76%
Abu Dhabi (SW-WW-NW-NN) Addis Ababa (NN-NE) Amman (NE-EE-SE) Ankara (SE) Ashgabat (SS-SW) Asmara (NW-NN-NE-EE) Athens (EE-SE) Baghdad (EE-SE) Baku (SS-SW) Beirut (NE-EE-SE) Bucharest (SE) Cairo (EE-SE) Chișinău (SE) Damascus (NE-EE-SE) Djibouti (NW-NN-NE-EE) Doha (SS-SW-WW-NW) Dushanbe (SW-WW) Islamabad (SW-WW) Jerusalem (NE-EE-SE) Juba (NN-NE) Kabul (SW-WW) Khartoum (NE-EE) Kuwait City (SS-SW-WW) Manama (SS-SW-WW-NW) Mogadishu (NN-NE) Muscat (SW-WW-NW-NN) Nicosia (EE-SE) Sana'a (NW-NN-NE-EE) Sofia (EE-SE) Tashkent (SW-WW) Tbilisi (SE) Tehran (SS-SW-WW) Yerevan (SE) Riyadh
76%
Abu Dhabi (SW-WW) Addis Ababa (NW-NN-NE-EE) Amman (SE) Ankara (SE) Athens (SE) Baghdad (SS-SW) Baku (SS-SW) Bangui (NE-EE) Beirut (SE) Bujumbura (NN-NE) Cairo (SE) Damascus (SE) Djibouti (SW-WW-NW-NN) Dodoma (NN-NE) Doha (SW-WW) Jerusalem (SE) Juba (NW-NN-NE-EE) Kampala (NN-NE) Khartoum (NE-EE-SE) Kigali (NN-NE) Kuwait City (SS-SW) Manama (SS-SW) Mogadishu (NW-NN) Muscat (SW-WW) Nairobi (NN-NE) N'Djamena (NE-EE) Nicosia (SE) Riyadh (SS-SW-WW) Sana'a (SS-SW-WW-NW) Tbilisi (SS-SW) Tehran (SS-SW) Victoria (NW-NN) Yerevan (SS-SW) Asmara
75%
Basseterre (EE-SE) Bogotá (NE-EE) Brasília (NW-NN) Bridgetown (EE-SE) Caracas (NE-EE-SE) Castries (EE-SE) Kingston (EE-SE) Kingstown (EE-SE) Lima (NN-NE) Nassau (EE-SE) Panama City (EE-SE) Paramaribo (SW-WW-NW-NN) Port-au-Prince (EE-SE) Port-of-Spain (EE-SE) Quito (NE-EE) Roseau (EE-SE) Saint George's (EE-SE) Saint John's (EE-SE) San José (EE-SE) Santo Domingo (SE) Sucre (NN-NE) Georgetown
75%
Abu Dhabi (SS-SW-WW-NW) Addis Ababa (NW-NN-NE-EE) Amman (SE) Ankara (SE) Ashgabat (SS-SW) Asmara (NN-NE-EE-SE) Baghdad (SS-SW) Baku (SS-SW) Beirut (SE) Bujumbura (NN-NE) Cairo (SE) Damascus (SE) Djibouti (NW-NN-NE-EE) Dodoma (NN-NE) Doha (SS-SW-WW) Jerusalem (SE) Juba (NE-EE) Kampala (NN-NE) Khartoum (NE-EE-SE) Kigali (NN-NE) Kuwait City (SS-SW) Manama (SS-SW-WW) Mogadishu (WW-NW-NN-NE) Moroni (NN-NE) Muscat (SW-WW) Nairobi (NN-NE) Nicosia (SE) Riyadh (SS-SW-WW) Tbilisi (SS-SW) Tehran (SS-SW) Victoria (NW-NN) Yerevan (SS-SW) Sana'a
75%
Abuja (SS-SW-WW-NW) Accra (SW-WW-NW-NN) Bamako (EE-SE) Bangui (WW-NW) Banjul (NE-EE-SE) Bissau (NE-EE-SE) Brazzaville (WW-NW) Conakry (NE-EE-SE) Dakar (EE-SE) Freetown (NE-EE-SE) Kinshasa (WW-NW) Libreville (WW-NW) Lomé (SW-WW-NW-NN) Luanda (WW-NW) Malabo (WW-NW) Monrovia (NN-NE-EE-SE) N'Djamena (SW-WW) Niamey (SS-SW-WW-NW) Nouakchott (SE) Ouagadougou (SS-SW-WW) Porto-Novo (SW-WW-NW-NN) Praia (EE-SE) São Tomé (WW-NW) Yaoundé (WW-NW) Yamoussoukro
75%
Asunción (SS-SW-WW) Brasília (SS-SW) Montevideo (any) Santiago (NE-EE-SE) Sucre (SE) Buenos Aires
74%
Abu Dhabi (SW-WW) Abuja (NE-EE) Addis Ababa (WW-NW-NN-NE) Amman (SS-SW) Ankara (SS-SW) Asmara (SW-WW-NW-NN) Athens (SE) Baghdad (SS-SW) Bangui (NE-EE) Beirut (SS-SW) Brazzaville (NN-NE) Bujumbura (NN-NE) Cairo (SE) Damascus (SS-SW) Djibouti (SW-WW-NW-NN) Dodoma (NW-NN) Doha (SW-WW) Jerusalem (SS-SW) Juba (NW-NN-NE-EE) Kampala (NW-NN) Kigali (NN-NE) Kinshasa (NN-NE) Kuwait City (SW-WW) Malabo (NE-EE) Manama (SW-WW) Mogadishu (NW-NN) Muscat (SW-WW) Nairobi (NW-NN) N'Djamena (NE-EE) Nicosia (SS-SW) Riyadh (SW-WW) Sana'a (SW-WW-NW-NN) Tehran (SS-SW) Tripoli (EE-SE) Valletta (SE) Yaoundé (NE-EE) Yerevan (SS-SW) Khartoum
74%
Asunción (EE-SE) Brasília (SS-SW) Buenos Aires (any) Santiago (NE-EE-SE) Sucre (SE) Montevideo
74%
Abuja (NN-NE-EE-SE) Accra (NE-EE) Addis Ababa (WW-NW) Algiers (SE) Asmara (SW-WW) Athens (SS-SW) Bamako (EE-SE) Bangui (WW-NW-NN-NE) Brazzaville (NW-NN) Bujumbura (NW-NN) Cairo (SS-SW) Juba (WW-NW) Kampala (WW-NW) Khartoum (SW-WW) Kigali (WW-NW) Kinshasa (NW-NN) Libreville (NW-NN-NE-EE) Lomé (NE-EE) Luanda (NN-NE) Malabo (NW-NN-NE-EE) Monrovia (NE-EE) Nairobi (WW-NW) Niamey (NE-EE-SE) Ouagadougou (EE-SE) Porto-Novo (NE-EE) São Tomé (NN-NE) Tripoli (SE) Tunis (SE) Valletta (SE) Yamoussoukro (NE-EE) Yaoundé (NW-NN-NE-EE) N'Djamena
74%
Abu Dhabi (NE-EE) Ashgabat (EE-SE) Astana (SE) Baku (EE-SE) Bangkok (WW-NW) Bishkek (SE) Colombo (NW-NN) Dhaka (SW-WW-NW-NN) Doha (NE-EE) Dushanbe (EE-SE) Islamabad (EE-SE) Kabul (NE-EE-SE) Kathmandu (SW-WW-NW-NN) Kuwait City (EE-SE) Malé (NN-NE) Manama (NE-EE) Muscat (NE-EE) Naypyidaw (WW-NW) Tashkent (SE) Tehran (EE-SE) Thimphu (SW-WW-NW-NN) Vientiane (WW-NW) New Delhi
74%
Bandar Seri Begawan (NW-NN) Bangkok (NW-NN-NE-EE) Beijing (SS-SW) Colombo (NE-EE) Dhaka (NE-EE-SE) Hanoi (SS-SW-WW) Jakarta (NW-NN) Kathmandu (EE-SE) Kuala Lumpur (NN-NE) Manila (WW-NW) Naypyidaw (NE-EE-SE) New Delhi (EE-SE) Phnom Penh (WW-NW-NN-NE) Singapore (NW-NN) Taipei (SW-WW) Thimphu (EE-SE) Vientiane
74%
Havana (NN-NE) Nassau (NN-NE) Port-au-Prince (NW-NN) Washington D.C. (NW-NN-NE-EE) Ottawa
73%
Asunción (SW-WW) Buenos Aires (SW-WW-NW-NN) Lima (SE) Montevideo (SW-WW-NW-NN) Sucre (SS-SW) Santiago
73%
Abuja (EE-SE) Accra (NE-EE-SE) Bamako (EE-SE) Bangui (SS-SW-WW-NW) Brazzaville (WW-NW-NN-NE) Bujumbura (WW-NW) Conakry (EE-SE) Dodoma (WW-NW) Freetown (EE-SE) Juba (SW-WW) Kampala (WW-NW) Khartoum (SW-WW) Kigali (WW-NW) Kinshasa (WW-NW-NN-NE) Libreville (NW-NN-NE-EE) Lomé (NE-EE-SE) Luanda (WW-NW-NN-NE) Lusaka (NW-NN) Malabo (NN-NE-EE-SE) Monrovia (EE-SE) Nairobi (WW-NW) N'Djamena (SS-SW-WW) Niamey (EE-SE) Ouagadougou (EE-SE) Porto-Novo (NE-EE-SE) São Tomé (NN-NE-EE-SE) Windhoek (NW-NN) Yamoussoukro (EE-SE) Yaoundé
73%
Abu Dhabi (SS-SW) Amman (SE) Asmara (SS-SW-WW) Baghdad (SS-SW) Bangui (NE-EE) Beirut (SE) Brazzaville (NE-EE) Bujumbura (NN-NE) Cairo (SE) Damascus (SE) Djibouti (SS-SW-WW-NW) Dodoma (NN-NE) Doha (SS-SW) Jerusalem (SE) Juba (NN-NE-EE-SE) Kampala (NW-NN-NE-EE) Khartoum (EE-SE) Kigali (NN-NE) Kinshasa (NE-EE) Kuwait City (SS-SW) Lilongwe (NN-NE) Lusaka (NN-NE) Manama (SS-SW) Mogadishu (WW-NW-NN-NE) Moroni (NW-NN) Muscat (SW-WW) Nairobi (NW-NN-NE-EE) N'Djamena (EE-SE) Nicosia (SE) Riyadh (SS-SW) Sana'a (SS-SW-WW) Victoria (WW-NW) Addis Ababa
72%
Abuja (NE-EE-SE) Accra (EE-SE) Addis Ababa (SW-WW) Asmara (SW-WW) Brazzaville (NW-NN-NE-EE) Bujumbura (SW-WW-NW-NN) Djibouti (SW-WW) Dodoma (WW-NW) Harare (NW-NN) Juba (SS-SW-WW-NW) Kampala (WW-NW) Khartoum (SW-WW) Kigali (SW-WW-NW-NN) Kinshasa (NW-NN-NE-EE) Libreville (NN-NE-EE-SE) Lilongwe (NW-NN) Lomé (EE-SE) Luanda (NN-NE) Lusaka (NW-NN) Malabo (NN-NE-EE-SE) Mogadishu (WW-NW) Nairobi (WW-NW) N'Djamena (EE-SE) Niamey (EE-SE) Ouagadougou (EE-SE) Porto-Novo (EE-SE) São Tomé (NN-NE-EE-SE) Windhoek (NN-NE) Yamoussoukro (EE-SE) Yaoundé (NN-NE-EE-SE) Bangui
72%
Hanoi (NN-NE) Manila (NW-NN) Naypyidaw (NN-NE) Pyongyang (SW-WW-NW-NN) Seoul (SW-WW-NW-NN) Taipei (NW-NN) Thimphu (NE-EE) Tokyo (WW-NW) Ulaanbaatar (EE-SE) Vientiane (NN-NE) Beijing
72%
Abu Dhabi (NN-NE) Ashgabat (NN-NE-EE-SE) Astana (SS-SW-WW) Baghdad (NE-EE) Baku (EE-SE) Bishkek (SS-SW-WW-NW) Damascus (NE-EE) Dhaka (WW-NW) Doha (NE-EE) Islamabad (WW-NW-NN-NE) Kabul (WW-NW-NN-NE) Kathmandu (WW-NW) Kuwait City (NE-EE) Manama (NE-EE) Moscow (EE-SE) Muscat (NN-NE) New Delhi (WW-NW-NN-NE) Riyadh (NE-EE) Tashkent (SS-SW-WW) Tbilisi (EE-SE) Tehran (NE-EE) Thimphu (WW-NW) Yerevan (EE-SE) Dushanbe
72%
Abu Dhabi (NN-NE) Ashgabat (NN-NE-EE-SE) Astana (SS-SW-WW) Baghdad (NE-EE) Baku (NE-EE) Bishkek (SS-SW-WW-NW) Dhaka (WW-NW) Doha (NN-NE) Dushanbe (NW-NN-NE-EE) Islamabad (WW-NW-NN-NE) Kabul (NW-NN-NE-EE) Kathmandu (NW-NN) Kuwait City (NE-EE) Manama (NE-EE) Moscow (EE-SE) Muscat (NN-NE) New Delhi (NW-NN) Riyadh (NE-EE) Tbilisi (EE-SE) Tehran (NE-EE) Thimphu (WW-NW) Yerevan (NE-EE) Tashkent
72%
Abu Dhabi (NN-NE) Ashgabat (NN-NE-EE-SE) Astana (EE-SE) Baghdad (NE-EE) Baku (NE-EE) Dhaka (NW-NN) Doha (NE-EE) Dushanbe (NN-NE-EE-SE) Islamabad (NW-NN-NE-EE) Kabul (NW-NN-NE-EE) Kathmandu (NW-NN) Kuwait City (NE-EE) Manama (NE-EE) Moscow (EE-SE) Muscat (NN-NE) New Delhi (NW-NN) Tashkent (NN-NE-EE-SE) Tbilisi (NE-EE) Tehran (NE-EE) Thimphu (NW-NN) Ulaanbaatar (SW-WW) Yerevan (NE-EE) Bishkek
71%
Asunción (NW-NN-NE-EE) Buenos Aires (NN-NE) Georgetown (SE) Montevideo (NN-NE) Paramaribo (SE) Sucre (NE-EE) Brasília
71%
Abu Dhabi (NE-EE) Ashgabat (NE-EE-SE) Astana (SE) Baghdad (NE-EE) Baku (EE-SE) Bishkek (SS-SW-WW) Dhaka (WW-NW) Doha (NE-EE) Dushanbe (EE-SE) Kabul (NE-EE-SE) Kathmandu (SW-WW-NW-NN) Kuwait City (NE-EE) Manama (NE-EE) Muscat (NE-EE) Naypyidaw (WW-NW) New Delhi (WW-NW-NN-NE) Riyadh (NE-EE) Tashkent (EE-SE) Tbilisi (EE-SE) Tehran (EE-SE) Thimphu (WW-NW) Yerevan (EE-SE) Islamabad
71%
Abuja (EE-SE) Addis Ababa (SS-SW-WW-NW) Asmara (SS-SW-WW) Bangui (NN-NE-EE-SE) Brazzaville (NE-EE) Bujumbura (NW-NN-NE-EE) Cairo (SE) Djibouti (SS-SW-WW-NW) Dodoma (WW-NW-NN-NE) Harare (NN-NE) Kampala (WW-NW-NN-NE) Khartoum (SS-SW-WW) Kigali (NW-NN-NE-EE) Kinshasa (NE-EE) Libreville (NE-EE) Lilongwe (NW-NN) Luanda (NE-EE) Lusaka (NN-NE) Malabo (NE-EE) Mogadishu (WW-NW) Moroni (NW-NN) Nairobi (WW-NW-NN-NE) N'Djamena (EE-SE) Riyadh (SS-SW) Sana'a (SW-WW) São Tomé (NE-EE) Victoria (WW-NW) Yaoundé (NE-EE) Juba
71%
Asunción (WW-NW) Bogotá (SS-SW) Caracas (SS-SW) Georgetown (SS-SW) Managua (SE) Panama City (SE) Quito (EE-SE) San José (SE) Santiago (NW-NN) Sucre (SW-WW-NW-NN) Lima
71%
Amsterdam (WW-NW) Andorra la Vella (NW-NN) Berlin (WW-NW) Bern (NW-NN) Bratislava (WW-NW) Brussels (WW-NW) Copenhagen (WW-NW) Dublin (WW-NW-NN-NE) Helsinki (WW-NW) Lisbon (NW-NN) London (NW-NN) Luxembourg (WW-NW) Madrid (NW-NN) Minsk (WW-NW) Monaco (NW-NN) Oslo (WW-NW) Paris (NW-NN) Prague (WW-NW) Riga (WW-NW) Stockholm (WW-NW) Tallinn (WW-NW) Vaduz (WW-NW) Vienna (WW-NW) Vilnius (WW-NW) Warsaw (WW-NW) Reykjavík
71%
Abu Dhabi (NE-EE-SE) Addis Ababa (NE-EE) Amman (EE-SE) Ashgabat (SE) Asmara (NE-EE) Baghdad (EE-SE) Baku (SE) Beirut (EE-SE) Bishkek (SS-SW) Cairo (EE-SE) Colombo (WW-NW) Damascus (EE-SE) Djibouti (NE-EE) Doha (NE-EE-SE) Dushanbe (SS-SW) Islamabad (SW-WW) Jerusalem (EE-SE) Kabul (SS-SW) Kathmandu (SW-WW) Khartoum (NE-EE) Kuwait City (NE-EE-SE) Malé (NW-NN) Manama (NE-EE-SE) Mogadishu (NN-NE) New Delhi (SW-WW) Nicosia (EE-SE) Riyadh (NE-EE-SE) Sana'a (NE-EE) Tashkent (SS-SW) Tbilisi (SE) Tehran (SE) Yerevan (SE) Muscat
70%
Bandar Seri Begawan (WW-NW) Bangkok (WW-NW-NN-NE) Beijing (SS-SW) Colombo (NE-EE) Dhaka (NE-EE-SE) Hanoi (SS-SW-WW-NW) Islamabad (EE-SE) Kathmandu (NE-EE-SE) Kuala Lumpur (NW-NN) Malé (NE-EE) Manila (WW-NW) New Delhi (EE-SE) Phnom Penh (SW-WW-NW-NN) Singapore (NW-NN) Taipei (SW-WW) Thimphu (EE-SE) Vientiane (SW-WW-NW-NN) Naypyidaw
70%
Abuja (WW-NW) Accra (WW-NW) Algiers (SS-SW) Bamako (SW-WW-NW-NN) Banjul (NW-NN-NE-EE) Bissau (WW-NW-NN-NE) Conakry (WW-NW-NN-NE) Dakar (NW-NN-NE-EE) Freetown (WW-NW-NN-NE) Lisbon (SS-SW) Lomé (WW-NW) Madrid (SS-SW) Monrovia (WW-NW-NN-NE) Niamey (WW-NW) Ouagadougou (WW-NW) Porto-Novo (WW-NW) Praia (NN-NE-EE-SE) Rabat (SS-SW) Yamoussoukro (NW-NN) Nouakchott
70%
Abu Dhabi (SS-SW) Addis Ababa (NN-NE-EE-SE) Amman (SE) Asmara (NE-EE-SE) Baghdad (SS-SW) Bangui (NE-EE) Beirut (SE) Bujumbura (NN-NE) Cairo (SE) Damascus (SE) Dodoma (NN-NE) Doha (SS-SW) Jerusalem (SE) Juba (NN-NE-EE-SE) Kampala (NN-NE) Khartoum (NE-EE-SE) Kigali (NN-NE) Kuwait City (SS-SW) Manama (SS-SW) Mogadishu (WW-NW-NN-NE) Moroni (NW-NN) Muscat (SW-WW) Nairobi (NN-NE) Nicosia (SE) Riyadh (SS-SW-WW) Sana'a (SS-SW-WW) Tehran (SS-SW) Victoria (NW-NN) Djibouti
69%
Abuja (EE-SE) Accra (NE-EE-SE) Bamako (EE-SE) Bangui (SS-SW-WW-NW) Banjul (EE-SE) Bissau (EE-SE) Brazzaville (WW-NW-NN-NE) Bujumbura (WW-NW) Conakry (EE-SE) Freetown (EE-SE) Juba (SW-WW) Kampala (WW-NW) Khartoum (SW-WW) Kigali (WW-NW) Kinshasa (WW-NW-NN-NE) Libreville (WW-NW-NN-NE) Lomé (NE-EE-SE) Luanda (WW-NW-NN-NE) Monrovia (EE-SE) N'Djamena (SS-SW-WW) Niamey (EE-SE) Ouagadougou (NE-EE-SE) Porto-Novo (NE-EE-SE) São Tomé (NW-NN-NE-EE) Yamoussoukro (EE-SE) Yaoundé (SS-SW-WW-NW) Malabo
69%
Antananarivo (SW-WW) Brazzaville (SE) Bujumbura (SE) Dodoma (SS-SW) Gaborone (NE-EE-SE) Harare (EE-SE) Kampala (SS-SW) Kigali (SE) Kinshasa (SE) Lilongwe (SS-SW-WW) Luanda (SE) Lusaka (EE-SE) Maputo (any) Maseru (NN-NE-EE-SE) Moroni (SS-SW) Nairobi (SS-SW) Port Louis (SW-WW) Pretoria (NE-EE-SE) Windhoek (NE-EE-SE) Mbabane
69%
Beijing (NE-EE-SE) Hanoi (NN-NE) Manila (NN-NE) Seoul (any) Taipei (NN-NE) Tokyo (SW-WW-NW-NN) Ulaanbaatar (EE-SE) Pyongyang
69%
Abu Dhabi (NE-EE) Ashgabat (NE-EE-SE) Astana (SS-SW) Baghdad (NE-EE) Baku (EE-SE) Bishkek (SS-SW-WW) Dhaka (WW-NW) Doha (NE-EE) Dushanbe (EE-SE) Islamabad (SW-WW-NW-NN) Kathmandu (WW-NW) Kuwait City (NE-EE) Manama (NE-EE) Muscat (NN-NE) New Delhi (SW-WW-NW-NN) Riyadh (NE-EE) Tashkent (SS-SW-WW) Tbilisi (EE-SE) Tehran (EE-SE) Thimphu (WW-NW) Yerevan (EE-SE) Kabul
68%
Abuja (SS-SW-WW) Accra (NE-EE-SE) Bamako (EE-SE) Bangui (SS-SW-WW-NW) Banjul (EE-SE) Bissau (EE-SE) Brazzaville (SW-WW-NW-NN) Bujumbura (WW-NW) Conakry (EE-SE) Freetown (EE-SE) Juba (SW-WW) Kampala (WW-NW) Kigali (WW-NW) Kinshasa (SW-WW-NW-NN) Libreville (SS-SW-WW-NW) Lomé (EE-SE) Luanda (WW-NW-NN-NE) Lusaka (WW-NW) Malabo (SS-SW-WW) Monrovia (EE-SE) N'Djamena (SS-SW) Niamey (SE) Ouagadougou (SE) Porto-Novo (EE-SE) Windhoek (NW-NN) Yamoussoukro (EE-SE) Yaoundé (SS-SW-WW-NW) São Tomé
68%
Beijing (NE-EE-SE) Hanoi (NE-EE) Manila (NN-NE) Pyongyang (any) Taipei (NW-NN-NE-EE) Tokyo (SW-WW-NW-NN) Ulaanbaatar (EE-SE) Seoul
68%
Abuja (EE-SE) Accra (NE-EE-SE) Bamako (EE-SE) Bangui (SS-SW-WW-NW) Brazzaville (SW-WW-NW-NN) Bujumbura (WW-NW) Conakry (EE-SE) Freetown (EE-SE) Juba (SW-WW) Kampala (WW-NW) Kigali (WW-NW) Kinshasa (SW-WW-NW-NN) Lomé (NE-EE-SE) Luanda (WW-NW-NN-NE) Lusaka (WW-NW) Malabo (EE-SE) Monrovia (EE-SE) N'Djamena (SS-SW-WW) Niamey (SE) Ouagadougou (SE) Porto-Novo (NE-EE-SE) São Tomé (NN-NE-EE-SE) Windhoek (NW-NN) Yamoussoukro (EE-SE) Yaoundé (SS-SW-WW) Libreville
67%
Antananarivo (SW-WW) Bujumbura (SE) Dodoma (SS-SW) Gaborone (NE-EE-SE) Harare (EE-SE) Kampala (SE) Kigali (SE) Lilongwe (SS-SW-WW) Luanda (EE-SE) Lusaka (EE-SE) Maseru (NN-NE-EE-SE) Mbabane (any) Moroni (SS-SW) Nairobi (SS-SW) Port Louis (SW-WW) Pretoria (NE-EE-SE) Windhoek (EE-SE) Maputo
67%
Basseterre (SE) Bogotá (NE-EE) Brasília (NW-NN) Bridgetown (EE-SE) Caracas (NE-EE-SE) Castries (EE-SE) Georgetown (NE-EE-SE) Kingston (EE-SE) Kingstown (EE-SE) Panama City (EE-SE) Port-au-Prince (EE-SE) Port-of-Spain (NE-EE-SE) Quito (NE-EE) Roseau (EE-SE) Saint George's (NE-EE-SE) Saint John's (EE-SE) Santo Domingo (EE-SE) Sucre (NN-NE) Paramaribo
67%
Bandar Seri Begawan (WW-NW) Colombo (NE-EE) Dhaka (SE) Hanoi (SS-SW-WW) Jakarta (NW-NN) Kathmandu (EE-SE) Kuala Lumpur (WW-NW-NN-NE) Manila (SW-WW) Naypyidaw (EE-SE) New Delhi (EE-SE) Phnom Penh (SW-WW-NW-NN) Singapore (WW-NW-NN-NE) Taipei (SW-WW) Thimphu (SE) Vientiane (SS-SW-WW) Bangkok
66%
Addis Ababa (SE) Antananarivo (WW-NW-NN-NE) Bujumbura (EE-SE) Djibouti (SE) Dodoma (NE-EE-SE) Gaborone (NE-EE) Harare (NN-NE-EE-SE) Juba (SE) Kampala (SE) Kigali (EE-SE) Lilongwe (NN-NE-EE-SE) Lusaka (NE-EE) Maputo (NN-NE) Maseru (NN-NE) Mbabane (NN-NE) Mogadishu (SS-SW) Nairobi (EE-SE) Port Louis (WW-NW) Pretoria (NE-EE) Sana'a (SS-SW) Victoria (SW-WW) Moroni
66%
Bangkok (NW-NN) Beijing (SW-WW) Bishkek (SE) Colombo (NN-NE) Dhaka (WW-NW-NN-NE) Dushanbe (EE-SE) Hanoi (WW-NW) Islamabad (EE-SE) Kabul (EE-SE) Kathmandu (NE-EE-SE) Kuala Lumpur (NW-NN) Naypyidaw (WW-NW-NN-NE) New Delhi (NE-EE-SE) Phnom Penh (NW-NN) Tashkent (EE-SE) Ulaanbaatar (SS-SW) Vientiane (WW-NW) Thimphu
66%
Ashgabat (NN-NE) Baghdad (NE-EE) Baku (NE-EE) Bishkek (WW-NW-NN-NE) Dushanbe (NW-NN-NE-EE) Islamabad (NW-NN) Kabul (NN-NE) Kathmandu (NW-NN) Kiev (NE-EE) Minsk (EE-SE) Moscow (EE-SE) New Delhi (NW-NN) Tashkent (NW-NN-NE-EE) Tbilisi (NE-EE) Tehran (NN-NE) Ulaanbaatar (WW-NW) Yerevan (NE-EE) Astana
64%
Bangkok (NW-NN) Bishkek (SE) Colombo (NN-NE) Dushanbe (EE-SE) Hanoi (WW-NW) Islamabad (EE-SE) Kabul (EE-SE) Kathmandu (NE-EE-SE) Kuala Lumpur (NW-NN) Malé (NN-NE) Naypyidaw (SW-WW-NW-NN) New Delhi (NE-EE-SE) Phnom Penh (WW-NW) Singapore (NW-NN) Tashkent (EE-SE) Thimphu (EE-SE) Vientiane (SW-WW-NW-NN) Dhaka
64%
Bandar Seri Begawan (NW-NN) Bangkok (NW-NN-NE-EE) Beijing (SS-SW) Dhaka (EE-SE) Kathmandu (EE-SE) Kuala Lumpur (NN-NE) Manila (WW-NW) Naypyidaw (NN-NE-EE-SE) Phnom Penh (NW-NN-NE-EE) Pyongyang (SS-SW) Seoul (SW-WW) Singapore (NN-NE) Taipei (SW-WW) Thimphu (EE-SE) Ulaanbaatar (SS-SW) Vientiane (NW-NN-NE-EE) Hanoi
63%
Bandar Seri Begawan (NW-NN-NE-EE) Bangkok (NE-EE) Beijing (SE) Dili (NW-NN) Hanoi (EE-SE) Jakarta (NN-NE) Kuala Lumpur (NE-EE) Naypyidaw (EE-SE) Ngerulmud (WW-NW) Phnom Penh (NE-EE) Pyongyang (SS-SW) Seoul (SS-SW) Singapore (NE-EE) Taipei (SS-SW-WW) Tokyo (SS-SW) Vientiane (EE-SE) Manila
63%
Beijing (EE-SE) Manila (NN-NE) Pyongyang (NE-EE-SE) Seoul (NE-EE-SE) Taipei (NE-EE) Tokyo
63%
Ashgabat (EE-SE) Astana (SE) Bangkok (WW-NW) Bishkek (SE) Colombo (NN-NE) Dhaka (SW-WW-NW-NN) Dushanbe (EE-SE) Hanoi (WW-NW) Islamabad (NE-EE-SE) Kabul (EE-SE) Malé (NN-NE) Muscat (NE-EE) Naypyidaw (SW-WW-NW-NN) New Delhi (NE-EE-SE) Phnom Penh (WW-NW) Tashkent (SE) Thimphu (SW-WW-NW-NN) Ulaanbaatar (SS-SW) Vientiane (WW-NW) Kathmandu
62%
Abu Dhabi (SS-SW) Addis Ababa (EE-SE) Antananarivo (NW-NN) Asmara (SE) Bangui (EE-SE) Bujumbura (NE-EE) Djibouti (EE-SE) Dodoma (NN-NE-EE-SE) Doha (SS-SW) Harare (NN-NE) Juba (EE-SE) Kampala (NN-NE-EE-SE) Khartoum (SE) Kigali (NE-EE) Lilongwe (NN-NE) Lusaka (NN-NE) Manama (SS-SW) Moroni (NN-NE) Muscat (SS-SW) Nairobi (NN-NE-EE-SE) Port Louis (NW-NN) Riyadh (SS-SW) Sana'a (EE-SE) Victoria (SW-WW-NW-NN) Mogadishu
60%
Bandar Seri Begawan (NN-NE) Bangkok (NE-EE) Beijing (SE) Hanoi (NE-EE) Manila (NW-NN-NE-EE) Naypyidaw (NE-EE) Ngerulmud (NW-NN) Phnom Penh (NE-EE) Pyongyang (SS-SW) Seoul (SS-SW-WW) Tokyo (SW-WW) Ulaanbaatar (SE) Vientiane (NE-EE) Taipei
59%
Bujumbura (EE-SE) Dodoma (SE) Gaborone (NE-EE) Harare (EE-SE) Kampala (SE) Kigali (EE-SE) Lilongwe (EE-SE) Lusaka (EE-SE) Maputo (NE-EE) Maseru (NE-EE) Mbabane (NE-EE) Mogadishu (SE) Moroni (EE-SE) Nairobi (SE) Port Louis (SW-WW-NW-NN) Pretoria (NE-EE) Victoria (SS-SW) Antananarivo
58%
Bandar Seri Begawan (SS-SW-WW-NW) Bangkok (EE-SE) Colombo (EE-SE) Dhaka (SE) Dili (WW-NW) Hanoi (SS-SW) Jakarta (WW-NW-NN-NE) Manila (SW-WW) Naypyidaw (SE) Phnom Penh (SS-SW-WW) Singapore (SW-WW-NW-NN) Thimphu (SE) Vientiane (SS-SW) Kuala Lumpur
56%
Accra (WW-NW) Bamako (WW-NW) Banjul (SW-WW-NW-NN) Bissau (SW-WW-NW-NN) Conakry (SW-WW-NW-NN) Dakar (SW-WW-NW-NN) Freetown (SW-WW-NW-NN) Lisbon (SS-SW) Lomé (WW-NW) Monrovia (WW-NW) Niamey (WW-NW) Nouakchott (SS-SW-WW-NW) Ouagadougou (WW-NW) Rabat (SS-SW) Yamoussoukro (WW-NW) Praia
56%
Bandar Seri Begawan (SS-SW-WW-NW) Bangkok (EE-SE) Colombo (EE-SE) Dhaka (SE) Dili (WW-NW) Hanoi (SS-SW) Jakarta (WW-NW-NN-NE) Kuala Lumpur (NE-EE-SE) Manila (SW-WW) Naypyidaw (SE) Phnom Penh (SS-SW-WW) Vientiane (SE) Singapore
56%
Bandar Seri Begawan (SW-WW-NW-NN) Bangkok (NE-EE-SE) Colombo (NE-EE) Dhaka (EE-SE) Hanoi (SS-SW-WW) Jakarta (NW-NN) Kathmandu (EE-SE) Kuala Lumpur (NW-NN-NE-EE) Manila (SW-WW) Naypyidaw (NE-EE-SE) Singapore (NW-NN-NE-EE) Taipei (SW-WW) Thimphu (SE) Vientiane (EE-SE) Phnom Penh
54%
Bandar Seri Begawan (SS-SW) Bangkok (SE) Dili (WW-NW) Kuala Lumpur (EE-SE) Manila (SS-SW) Phnom Penh (SE) Singapore (EE-SE) Vientiane (SE) Jakarta
53%
Apia (SW-WW) Canberra (NN-NE) Funafuti (SW-WW) Honiara (EE-SE) Majuro (SS-SW) Nukuʻalofa (WW-NW) Palikir (SE) Port Moresby (EE-SE) South Tarawa (SS-SW) Suva (SW-WW-NW-NN) Wellington (NW-NN) Yaren (SE) Port Vila
53%
Bangkok (EE-SE) Dili (NW-NN) Hanoi (SE) Jakarta (NN-NE) Kuala Lumpur (NN-NE-EE-SE) Manila (SS-SW-WW) Naypyidaw (EE-SE) Ngerulmud (SW-WW) Phnom Penh (NE-EE-SE) Singapore (NN-NE-EE-SE) Taipei (SS-SW) Vientiane (SE) Bandar Seri Begawan
49%
Antananarivo (SW-WW) Bujumbura (SS-SW) Dodoma (SS-SW) Gaborone (EE-SE) Harare (SS-SW-WW) Lilongwe (SS-SW) Luanda (SE) Lusaka (SS-SW) Maputo (SS-SW-WW-NW) Mbabane (SS-SW-WW-NW) Moroni (SS-SW) Pretoria (SS-SW-WW) Windhoek (NE-EE-SE) Maseru
48%
Astana (EE-SE) Beijing (WW-NW-NN-NE) Bishkek (NE-EE) Hanoi (NN-NE) Kathmandu (NN-NE) Pyongyang (WW-NW) Seoul (WW-NW) Taipei (NW-NN) Thimphu (NN-NE) Ulaanbaatar
46%
Port Moresby (SE) Port Vila (SS-SW) Wellington (WW-NW) Canberra
45%
Addis Ababa (EE-SE) Antananarivo (NN-NE) Asmara (SE) Bujumbura (EE-SE) Colombo (SW-WW) Djibouti (SE) Dodoma (NE-EE) Juba (EE-SE) Kampala (EE-SE) Kigali (EE-SE) Lilongwe (NE-EE) Malé (SW-WW) Mogadishu (NE-EE-SE) Moroni (NE-EE) Nairobi (EE-SE) Port Louis (NW-NN) Sana'a (SE) Victoria
45%
Bangkok (SW-WW) Dhaka (SS-SW) Kathmandu (SS-SW) Kuala Lumpur (WW-NW) Malé (NN-NE-EE-SE) Muscat (EE-SE) Naypyidaw (SW-WW) New Delhi (SE) Phnom Penh (SW-WW) Singapore (WW-NW) Thimphu (SS-SW) Victoria (NE-EE) Vientiane (SW-WW) Colombo
41%
Bandar Seri Begawan (SE) Jakarta (EE-SE) Kuala Lumpur (EE-SE) Manila (SE) Ngerulmud (SS-SW) Port Moresby (WW-NW) Singapore (EE-SE) Dili
41%
Apia (SS-SW-WW-NW) Funafuti (SS-SW-WW) Honiara (EE-SE) Majuro (SE) Nukuʻalofa (SW-WW-NW-NN) Port Vila (NE-EE-SE) South Tarawa (SE) Wellington (NN-NE) Yaren (SE) Suva
41%
Canberra (EE-SE) Nukuʻalofa (SS-SW) Port Vila (SE) Suva (SS-SW) Wellington
39%
Canberra (NW-NN) Dili (EE-SE) Honiara (SS-SW-WW-NW) Ngerulmud (SE) Palikir (SS-SW) Port Vila (WW-NW) Yaren (SW-WW) Port Moresby
37%
Apia (SS-SW-WW) Funafuti (SE) Honiara (EE-SE) Port Vila (EE-SE) South Tarawa (SE) Suva (NE-EE-SE) Wellington (NN-NE) Yaren (SE) Nukuʻalofa
36%
Colombo (SS-SW-WW-NW) Dhaka (SS-SW) Kathmandu (SS-SW) Muscat (SE) Naypyidaw (SW-WW) New Delhi (SS-SW) Victoria (NE-EE) Malé
33%
Apia (WW-NW) Funafuti (WW-NW) Honiara (NW-NN-NE-EE) Majuro (SS-SW-WW) Nukuʻalofa (NW-NN) Palikir (NE-EE-SE) Port Moresby (NE-EE) Port Vila (NW-NN) South Tarawa (SS-SW-WW-NW) Suva (NW-NN) Yaren
33%
Apia (SW-WW-NW-NN) Honiara (NE-EE) Majuro (SE) Nukuʻalofa (NW-NN) Palikir (EE-SE) Port Vila (NE-EE) South Tarawa (EE-SE) Suva (NW-NN-NE-EE) Yaren (EE-SE) Funafuti
31%
Funafuti (NE-EE-SE) Majuro (SE) Nukuʻalofa (NW-NN-NE-EE) Port Vila (NE-EE) South Tarawa (SE) Suva (NN-NE-EE-SE) Yaren (EE-SE) Apia
30%
Funafuti (SW-WW) Majuro (SS-SW) Nukuʻalofa (WW-NW) Palikir (SE) Port Moresby (NN-NE-EE-SE) Port Vila (WW-NW-NN-NE) South Tarawa (SW-WW) Suva (WW-NW) Yaren (SS-SW-WW) Honiara
30%
Apia (NW-NN) Funafuti (WW-NW-NN-NE) Honiara (NE-EE) Majuro (EE-SE) Nukuʻalofa (NW-NN) Palikir (EE-SE) Port Vila (NN-NE) Suva (NW-NN) Yaren (NN-NE-EE-SE) South Tarawa
30%
Apia (NW-NN) Funafuti (NW-NN) Honiara (NN-NE) Palikir (NN-NE-EE-SE) Port Vila (NN-NE) South Tarawa (WW-NW-NN-NE) Suva (NW-NN) Yaren (NW-NN-NE-EE) Majuro
28%
Antananarivo (NE-EE-SE) Dodoma (EE-SE) Harare (EE-SE) Lilongwe (EE-SE) Maputo (NE-EE) Mbabane (NE-EE) Mogadishu (SE) Moroni (EE-SE) Victoria (SE) Port Louis
27%
Bandar Seri Begawan (NE-EE) Dili (NN-NE) Manila (EE-SE) Palikir (WW-NW) Port Moresby (NW-NN) Taipei (SE) Ngerulmud
24%
Funafuti (WW-NW) Honiara (NW-NN) Majuro (SS-SW-WW-NW) Ngerulmud (EE-SE) Port Moresby (NN-NE) Port Vila (NW-NN) South Tarawa (WW-NW) Yaren (SW-WW-NW-NN) Palikir
21%
No matching quizzes found
Score Distribution
Percent of People with Each Score
Percentile by Number Answered
Your Score History
You have not taken this quiz